Statistics for Every NBA player in History

Click here to take the quiz!

General Stats

  • This quiz has been taken 2,092 times
  • The average score is 725 of 5143

Answer Stats

Player Name% Correct
LeBron James
92%
Aaron James
89%
Bernard James
89%
Billy James
89%
Damion James
89%
Gene James
89%
Henry James
89%
Jerome James
89%
Tim James
89%
Michael Jordan
86%
Adonis Jordan
84%
Charles Jordan
84%
DeAndre Jordan
84%
Eddie Jordan
84%
Jerome Jordan
84%
Ken Jordan
84%
Reggie Jordan
84%
Thomas Jordan
84%
Walter Jordan
84%
Nenê
83%
Dennis Johnson
80%
Alexander Johnson
79%
Al Johnson
79%
Amir Johnson
79%
Andy Johnson
79%
Anthony Johnson
79%
Armon Johnson
79%
Arnie Johnson
79%
Avery Johnson
79%
Boag Johnson
79%
Bob Johnson
79%
Brice Johnson
79%
Buck Johnson
79%
Carldell Johnson
79%
Charles Johnson
79%
Clay Johnson
79%
Clemon Johnson
79%
Dakari Johnson
79%
Darryl Johnson
79%
Dave Johnson
79%
Dell Curry
79%
DeMarco Johnson
79%
DerMarr Johnson
79%
Ed Johnson
79%
Elmer Johnson
79%
Eric Johnson
79%
Ervin Johnson
79%
Frank Johnson
79%
Gus Johnson
79%
Harold Johnson
79%
Ivan Johnson
79%
JaJuan Johnson
79%
James Johnson
79%
Joe Johnson
79%
John Johnson
79%
Kannard Johnson
79%
Kevin Johnson
79%
Lee Johnson
79%
Linton Johnson
79%
Lynbert Johnson
79%
Marques Johnson
79%
Mickey Johnson
79%
Morris Johnson
79%
Neil Johnson
79%
Nick Johnson
79%
Ollie Johnson
79%
Orlando Johnson
79%
Reggie Johnson
79%
Rich Johnson
79%
Ron Johnson
79%
Splinter Johnson
79%
Stanley Johnson
79%
Steffond Johnson
79%
Stephen Curry
79%
Steve Johnson
79%
Stew Johnson
79%
Trey Johnson
79%
Tyler Johnson
79%
Vinnie Johnson
79%
Wesley Johnson
79%
Eddy Curry
78%
JamesOn Curry
78%
Michael Curry
78%
Seth Curry
78%
Jerry West
76%
David West
75%
Delonte West
75%
Doug West
75%
Mario West
75%
Mark West
75%
Roland West
75%
Adrian Smith
72%
Al Smith
72%
Bill Smith
72%
Bingo Smith
72%
Bobby Smith
72%
Clinton Smith
72%
Craig Smith
72%
Deb Smith
72%
Dennis Smith Jr.
72%
Derek Smith
72%
Donta Smith
72%
Doug Smith
72%
Ed Smith
72%
Elmore Smith
72%
Garfield Smith
72%
Ish Smith
72%
Jabari Smith
72%
Jason Smith
72%
Jerry Smith
72%
Jim Smith
72%
Joe Smith
72%
John Smith
72%
Josh Smith
72%
J.R. Smith
72%
Keith Smith
72%
Kenny Smith
72%
Ken Smith
72%
LaBradford Smith
72%
Larry Smith
72%
Leon Smith
72%
Mike Smith
72%
Nolan Smith
72%
Otis Smith
72%
Pete Smith
72%
Phil Smith
72%
Randy Smith
72%
Reggie Smith
72%
Robert Smith
72%
Russ Smith
72%
Steven Smith
72%
Steve Smith
72%
Stevin Smith
72%
Theron Smith
72%
Tom Smith
72%
Tony Smith
72%
William Smith
72%
Willie Smith
72%
A.C. Green
69%
Danny Green
69%
Devin Green
69%
Draymond Green
69%
Erick Green
69%
Gerald Green
69%
JaMychal Green
69%
Jeff Green
69%
Johnny Green
69%
Ken Green
69%
Kenny Green
69%
Klay Thompson
69%
Kobe Bryant
69%
Lamar Green
69%
Litterial Green
69%
Luther Green
69%
Mike Green
69%
Rickey Green
69%
Sean Green
69%
Sidney Green
69%
Sihugo Green
69%
Steve Green
69%
Taurean Green
69%
Tommie Green
69%
Willie Green
69%
Jason Thompson
68%
Mychal Thompson
68%
Shaquille O'Neal
68%
Tristan Thompson
68%
Aaron Williams
67%
Alan Williams
67%
Alvin Williams
67%
Al Williams
67%
Art Williams
67%
Bernard Thompson
67%
Bernie Williams
67%
Bill Thompson
67%
Billy Thompson
67%
Bob Williams
67%
Brandon Williams
67%
Brooks Thompson
67%
Buck Williams
67%
Charlie Williams
67%
Chuckie Williams
67%
Chuck Williams
67%
C.J. Williams
67%
Cliff Williams
67%
Corey Williams
67%
Corny Thompson
67%
Dave Williams
67%
David Thompson
67%
Deron Williams
67%
Derrick Williams
67%
Dexter Westbrook
67%
Dijon Thompson
67%
Duck Williams
67%
Earl Williams
67%
Elliot Williams
67%
Eric Williams
67%
Fly Williams
67%
Frank Williams
67%
Freeman Williams
67%
Gene Williams
67%
George Thompson
67%
Gus Williams
67%
Guy Williams
67%
Hank Williams
67%
Herb Williams
67%
Hollis Thompson
67%
Homer Thompson
67%
Jack Thompson
67%
Jason Williams
67%
Jawad Williams
67%
Jayson Williams
67%
Jay Williams
67%
Jerome Williams
67%
John Thompson
67%
John Williams
67%
Jordan Williams
67%
Justin Williams
67%
Kenny Williams
67%
Kevin Thompson
67%
Kevin Williams
67%
LaSalle Thompson
67%
Lorenzo Williams
67%
Louis Williams
67%
Marvin Williams
67%
Matt Williams
67%
Michael Carter-Williams
67%
Micheal Williams
67%
Mike Williams
67%
Milt Williams
67%
Monty Williams
67%
Mo Williams
67%
Mychel Thompson
67%
Nate Williams
67%
Paul Thompson
67%
Pete Williams
67%
Ray Williams
67%
Rickey Williams
67%
Rob Williams
67%
Ron Williams
67%
Russell Westbrook
67%
Scott Williams
67%
Sean Williams
67%
Shammond Williams
67%
Shawne Williams
67%
Shelden Williams
67%
Sly Williams
67%
Stephen Thompson
67%
Terrence Williams
67%
Travis Williams
67%
Walt Williams
67%
Ward Williams
67%
Willie Williams
67%
Jaylen Brown
66%
Oscar Robertson
66%
Andre Brown
65%
Anthony Brown
65%
Bill Brown
65%
Bobby Brown
65%
Chucky Brown
65%
Damone Brown
65%
Darrel Brown
65%
Derrick Brown
65%
Devin Brown
65%
Ernest Brown
65%
Fred Brown
65%
George Brown
65%
Gerald Brown
65%
Harold Brown
65%
Hillery Brown
65%
Jabari Brown
65%
Jim Brown
65%
John Brown
65%
Kareem Abdul-Jabbar
65%
Kedrick Brown
65%
Kevin Durant
65%
Kwame Brown
65%
Larry Brown
65%
Leon Brown
65%
Lewis Brown
65%
Lorenzo Brown
65%
Marcus Brown
65%
Markel Brown
65%
Marshall Brown
65%
Mike Brown
65%
Myron Brown
65%
P.J. Brown
65%
Randy Brown
65%
Raymond Brown
65%
Rickey Brown
65%
Rookie Brown
65%
Shannon Brown
65%
Stan Brown
65%
Sterling Brown
65%
Tierre Brown
65%
Tony Brown
65%
Bill Russell
64%
Anthony Davis
62%
Antonio Davis
62%
Aubrey Davis
62%
Baron Davis
62%
Ben Davis
62%
Bill Davis
62%
Bob Davis
62%
Brad Davis
62%
Brian Davis
62%
Charles Davis
62%
Charlie Davis
62%
Dale Davis
62%
Deyonta Davis
62%
Dwight Davis
62%
Ed Davis
62%
Emanual Davis
62%
Em Bryant
62%
Glen Davis
62%
Harry Davis
62%
Hubert Davis
62%
Jim Davis
62%
Joe Bryant
62%
Johnny Davis
62%
Josh Davis
62%
Lee Davis
62%
Mark Bryant
62%
Mel Davis
62%
Mickey Davis
62%
Monti Davis
62%
Paul Davis
62%
Ralph Davis
62%
Red Davis
62%
Ricky Davis
62%
Ron Davis
62%
Terry Davis
62%
Thomas Bryant
62%
Wallace Bryant
62%
Walt Davis
62%
Walter Davis
62%
Warren Davis
62%
Willie Davis
62%
Bernard Robinson
61%
Chris Robinson
61%
David Robinson
61%
Eddie Robinson
61%
Flynn Robinson
61%
Glenn Robinson
61%
Glenn Robinson III
61%
Jabari Bird
61%
Jackie Robinson
61%
Jamal Robinson
61%
James Harden
61%
James Robinson
61%
Jermaine O'Neal
61%
Jerry Bird
61%
Larry Bird
61%
Larry Robinson
61%
Nate Robinson
61%
Oliver Robinson
61%
Ronnie Robinson
61%
Rumeal Robinson
61%
Sam Robinson
61%
Thomas Robinson
61%
Truck Robinson
61%
Wayne Robinson
61%
Wil Robinson
61%
Adonis Thomas
60%
Austin Carr
60%
Bill Allen
60%
Billy Thomas
60%
Bob Allen
60%
Carl Thomas
60%
Charles Thomas
60%
Chris Paul
60%
Earl Thomas
60%
Etan Thomas
60%
Irving Thomas
60%
Isaiah Thomas
60%
Isiah Thomas
60%
Jamel Thomas
60%
James Thomas
60%
Jarrett Allen
60%
Jerome Allen
60%
Jim Thomas
60%
Joe Thomas
60%
John Thomas
60%
Kadeem Allen
60%
Kenny Thomas
60%
Kurt Thomas
60%
Lance Thomas
60%
Lavoy Allen
60%
Lucius Allen
60%
Malcolm Thomas
60%
Malik Allen
60%
Randy Allen
60%
Ray Allen
60%
Ron Thomas
60%
Terry Thomas
60%
Tim Thomas
60%
Tony Allen
60%
Tyrus Thomas
60%
Will Allen
60%
Willis Thomas
60%
Alvin Jones
59%
Anthony Jones
59%
Askia Jones
59%
Brandon Paul
59%
Caldwell Jones
59%
Casey Jones
59%
Collis Jones
59%
Dahntay Jones
59%
Damian Jones
59%
Damon Jones
59%
DeQuan Jones
59%
Dominique Jones
59%
Dontae' Jones
59%
Dwayne Jones
59%
Dwight Jones
59%
Earl Jones
59%
Eddie Jones
59%
Edgar Jones
59%
Fred Jones
59%
Hutch Jones
59%
Jake Jones
59%
Jalen Jones
59%
James Jones
59%
Jimmy Jones
59%
Johnny Jones
59%
Jumaine Jones
59%
K.C. Jones
59%
Kevin Jones
59%
Larry Jones
59%
Major Jones
59%
Nick Jones
59%
Ozell Jones
59%
Popeye Jones
59%
Rich Jones
59%
Robin Jones
59%
Sam Jones
59%
Shelton Jones
59%
Solomon Jones
59%
Steve Jones
59%
Terrence Jones
59%
Tim Duncan
59%
Tyus Jones
59%
Wali Jones
59%
Wil Jones
59%
Willie Jones
59%
Andy Duncan
58%
Jarrett Jack
58%
Wilt Chamberlain
58%
Dean White
57%
Derrick White
57%
D.J. White
57%
Eric White
57%
Giannis Antetokounmpo
57%
Herb White
57%
Hubie White
57%
Jahidi White
57%
James White
57%
Jo Jo White
57%
Karl Malone
57%
Moses Malone
57%
Okaro White
57%
Randy White
57%
Rodney White
57%
Rory White
57%
Royce White
57%
Rudy White
57%
Scottie Pippen
57%
Tony White
57%
Willie White
57%
Al Jackson
56%
Bobby Jackson
56%
Cedric Jackson
56%
Darnell Jackson
56%
Demetrius Jackson
56%
Greg Jackson
56%
Jaren Jackson
56%
Jeff Malone
56%
Jermaine Jackson
56%
Jim Jackson
56%
Josh Jackson
56%
Julius Erving
56%
Justin Jackson
56%
Kyrie Irving
56%
Lucious Jackson
56%
Luke Jackson
56%
Marc Jackson
56%
Mark Jackson
56%
Mervin Jackson
56%
Michael Jackson
56%
Mike Jackson
56%
Myron Jackson
56%
Phil Jackson
56%
Pierre Jackson
56%
Ralph Jackson
56%
Randell Jackson
56%
Reggie Jackson
56%
Stan Jackson
56%
Stanley Jackson
56%
Stephen Jackson
56%
Tracy Jackson
56%
Wardell Jackson
56%
Andre Miller
55%
Anthony Miller
55%
Bill Miller
55%
Bob Miller
55%
Brad Miller
55%
Byron Irvin
55%
Darius Miller
55%
Devean George
55%
Dick Miller
55%
Eddie Miller
55%
Harry Miller
55%
Jack George
55%
Jay Miller
55%
Larry Miller
55%
Malcolm Miller
55%
Med Park
55%
Mike Miller
55%
Oliver Miller
55%
Paul George
55%
Quincy Miller
55%
Reggie Miller
55%
Tate George
55%
Walt Miller
55%
Anthony Roberts
53%
Bill Roberts
53%
Brian Roberts
53%
Fred Roberts
53%
Glen Roberts
53%
Hakeem Olajuwon
53%
Joe Roberts
53%
John Wall
53%
Lawrence Roberts
53%
Marv Roberts
53%
Nikola Jokić
53%
Stanley Roberts
53%
Vince Carter
53%
Wyman Roberts
53%
Anthony Carter
52%
Anthony Parker
52%
Butch Carter
52%
Dennis Rodman
52%
Dwyane Wade
52%
Fred Carter
52%
George Carter
52%
Howard Carter
52%
Hugh Carter
52%
Jabari Parker
52%
Jake Carter
52%
Maurice Carter
52%
Reggie Carter
52%
Ron Carter
52%
Smush Parker
52%
Sonny Parker
52%
Tony Parker
52%
Carmelo Anthony
51%
Greg Anthony
51%
Joel Anthony
51%
Mark Wade
51%
Paul Anthony
51%
Kawhi Leonard
50%
Brian Howard
49%
Cedric Ball
49%
Danny Young
49%
Dwight Howard
49%
Greg Howard
49%
James Young
49%
Jewell Young
49%
Joseph Young
49%
Josh Howard
49%
Juwan Howard
49%
Korleone Young
49%
Lonzo Ball
49%
Michael Young
49%
Mo Howard
49%
Nick Young
49%
Otis Howard
49%
Perry Young
49%
Sam Young
49%
Stephen Howard
49%
Steve Nash
49%
Thaddeus Young
49%
Tim Young
49%
Willie Young
49%
André Roberson
48%
Bobby Leonard
48%
Bob Nash
48%
Cotton Nash
48%
Dirk Nowitzki
48%
Gary Leonard
48%
Joel Embiid
48%
Kevin Garnett
48%
Meyers Leonard
48%
Voshon Lenard
48%
Yao Ming
48%
Allen Iverson
47%
Willie Iverson
47%
Alvin Robertson
46%
Jason Kidd
46%
Kevin Love
46%
Marc Gasol
46%
Pau Gasol
46%
Ryan Robertson
46%
Tony Robertson
46%
Al Butler
45%
Bob Love
45%
Caron Butler
45%
Charlie Butler
45%
Derrick Rose
45%
Greg Butler
45%
Jackie Butler
45%
Jalen Rose
45%
Jimmy Butler
45%
John Stockton
45%
Malik Rose
45%
Mike Butler
45%
Mitchell Butler
45%
Paul Pierce
45%
Rasual Butler
45%
Robert Rose
45%
Stan Love
45%
Chris Bosh
44%
Damian Lillard
44%
David Stockton
44%
Jayson Tatum
44%
Bill Chamberlain
43%
Bob Cousy
43%
Charles Barkley
43%
Earl Tatum
43%
Erick Barkley
43%
Ricky Pierce
43%
Alvan Adams
42%
Ben Simmons
42%
Blake Griffin
42%
Corliss Williamson
42%
Don Adams
42%
George Adams
42%
Hassan Adams
42%
John Williamson
42%
Jordan Adams
42%
Lionel Simmons
42%
Michael Adams
42%
Neal Adams
42%
Neal Walk
42%
Ray Adams
42%
Sparky Adams
42%
Steven Adams
42%
Willie Adams
42%
Adrian Griffin
41%
Art Harris
41%
Ben Wallace
41%
Bernie Harris
41%
Billy Harris
41%
Bobby Simmons
41%
Bob Harris
41%
Brook Lopez
41%
Cedric Simmons
41%
Chris Harris
41%
Connie Simmons
41%
Daniel Ewing
41%
Devin Harris
41%
Eddie Griffin
41%
Elias Harris
41%
Gary Harris
41%
Gerald Wallace
41%
Grant Simmons
41%
Greg Griffin
41%
Joe Harris
41%
John Simmons
41%
John Wallace
41%
Jonathon Simmons
41%
Kobi Simmons
41%
Kyle Anderson
41%
Lucious Harris
41%
Luther Harris
41%
Manny Harris
41%
Manu Ginóbili
41%
Mike Harris
41%
Patrick Ewing
41%
Paul Griffin
41%
Paul Wallace
41%
Rasheed Wallace
41%
Raul Lopez
41%
Red Wallace
41%
Robin Lopez
41%
Ryan Anderson
41%
Steve Harris
41%
Taylor Griffin
41%
Terrel Harris
41%
Tobias Harris
41%
Tony Harris
41%
Tyrone Wallace
41%
Alan Anderson
40%
Andrew Anderson
40%
Andy Walker
40%
Antoine Walker
40%
Antonio Anderson
40%
Art Anderson
40%
Bill Walker
40%
Brady Walker
40%
Cadillac Anderson
40%
Carl Anderson
40%
Charles Black
40%
Chet Walker
40%
Cliff Anderson
40%
Darrell Walker
40%
Dejounte Murray
40%
Derek Anderson
40%
Dwight Anderson
40%
Elfrid Payton
40%
Eric Anderson
40%
Felipe Lopez
40%
Foots Walker
40%
Gary Payton
40%
Gene Anderson
40%
Horace Walker
40%
James Anderson
40%
Jerome Anderson
40%
Jimmy Walker
40%
J.J. Anderson
40%
John Barr
40%
Justin Anderson
40%
Kemba Walker
40%
Ken Murray
40%
Kenny Anderson
40%
Kim Anderson
40%
Lamond Murray
40%
Mel Payton
40%
Michael Anderson
40%
Mike Barr
40%
Moe Barr
40%
Nick Anderson
40%
Norman Black
40%
Penny Hardaway
40%
Phil Walker
40%
Richard Anderson
40%
Ronald Murray
40%
Ron Anderson
40%
Samaki Walker
40%
Shandon Anderson
40%
Tarik Black
40%
Tim Hardaway
40%
Tom Black
40%
Tracy McGrady
40%
Tracy Murray
40%
Wally Walker
40%
Willie Anderson
40%
Donovan Mitchell
39%
Guy Mitchell
39%
Leland Mitchell
39%
Mike Mitchell
39%
Murray Mitchell
39%
Sam Mitchell
39%
Steve Kerr
39%
Todd Mitchell
39%
Aaron Gordon
38%
Armond Hill
38%
Ben Gordon
38%
Bradley Beal
38%
Cleo Hill
38%
DeMar DeRozan
38%
Drew Gordon
38%
Eric Gordon
38%
Gary Hill
38%
George Hill
38%
Grant Hill
38%
Johnny Kerr
38%
Jordan Hill
38%
Karl-Anthony Towns
38%
Lancaster Gordon
38%
Mort Hill
38%
Paul Gordon
38%
Simmie Hill
38%
Solomon Hill
38%
Steven Hill
38%
Tyrone Hill
38%
Brian Grant
37%
Bud Grant
37%
Butch Booker
37%
Devin Booker
37%
Dominique Wilkins
37%
Gary Grant
37%
Greg Grant
37%
Harvey Grant
37%
Horace Grant
37%
Jerami Grant
37%
Jerian Grant
37%
Josh Grant
37%
Lenny Wilkens
37%
Melvin Booker
37%
Paul Grant
37%
Travis Grant
37%
Trevor Booker
37%
Chris Porter
36%
D'Angelo Russell
36%
Howard Porter
36%
Jrue Holiday
36%
Justin Holiday
36%
Kevin McHale
36%
Kevin Porter
36%
Kyle Lowry
36%
Otto Porter
36%
Terry Porter
36%
Willie Porter
36%
Al Horford
35%
Billy Reed
35%
Bryon Russell
35%
Campy Russell
35%
Cazzie Russell
35%
Damien Wilkins
35%
De'Aaron Fox
35%
Frank Russell
35%
Gerald Wilkins
35%
Harold Fox
35%
Hub Reed
35%
Jeff Wilkins
35%
Jeremy Lin
35%
Jim Fox
35%
Justin Reed
35%
Manute Bol
35%
Pierre Russell
35%
Rajon Rondo
35%
Rick Fox
35%
Ron Reed
35%
Rubin Russell
35%
Rudy Gobert
35%
Russ Wilkins
35%
Walker Russell
35%
Wilbur Fox
35%
Willie Reed
35%
Willis Reed
35%
Bob Pettit
34%
Clyde Drexler
34%
Domantas Sabonis
34%
Elvin Hayes
34%
Frank Sabo
34%
Tito Horford
34%
Albert King
33%
Andrew Wiggins
33%
Arvydas Sabonis
33%
Bernard King
33%
Bill Edwards
33%
Bill Walton
33%
Blue Edwards
33%
Chris King
33%
Chuck Hayes
33%
Corsley Edwards
33%
Dan King
33%
Dolly King
33%
Doug Edwards
33%
Frankie King
33%
Franklin Edwards
33%
George King
33%
Gerard King
33%
Gran Edwards
33%
James Edwards
33%
Jarvis Hayes
33%
Jay Edwards
33%
Jim Hayes
33%
Jim King
33%
Jimmy King
33%
John Edwards
33%
Kevin Edwards
33%
Leroy Edwards
33%
Leroy King
33%
Loyd King
33%
Maurice King
33%
Ray Hayes
33%
Reggie King
33%
Rich King
33%
Ron Artest
33%
Ron King
33%
Shane Edwards
33%
Stacey King
33%
Steve Hayes
33%
Tom King
33%
Tommy Edwards
33%
Tommy Rich
33%
Willie King
33%
Bill Martin
32%
Bob Martin
32%
Brian Martin
32%
Cartier Martin
32%
Chris Morris
32%
Cuonzo Martin
32%
Darius Morris
32%
Darrick Martin
32%
David Lee
32%
Derrick Walton
32%
Dikembe Mutombo
32%
Dino Martin
32%
Don Martin
32%
Elgin Baylor
32%
Fernando Martin
32%
Isaiah Morris
32%
Jack Walton
32%
Jarell Martin
32%
Jeff Martin
32%
John Havlicek
32%
Kenyon Martin
32%
Kevin Martin
32%
LaRue Martin
32%
Lloyd Walton
32%
Luke Walton
32%
Marcus Morris
32%
Markieff Morris
32%
Maurice Martin
32%
Max Morris
32%
Mitchell Wiggins
32%
Monté Morris
32%
Phil Martin
32%
Randolph Morris
32%
Slater Martin
32%
Spud Webb
32%
Terence Morris
32%
Whitey Martin
32%
Andre Iguodala
31%
Butch Lee
31%
Clyde Lee
31%
Courtney Lee
31%
Dave Lee
31%
Dick Lee
31%
Doug Lee
31%
George Lee
31%
Greg Lee
31%
Jeff Webb
31%
Keith Lee
31%
Kurk Lee
31%
Malcolm Lee
31%
Marcus Webb
31%
Rock Lee
31%
Ron Lee
31%
Russ Lee
31%
Thanasis Antetokounmpo
31%
Ed Mikan
30%
George Mikan
30%
Harrison Barnes
30%
Harry Barnes
30%
James Worthy
30%
Jim Barnes
30%
Khris Middleton
30%
Larry Mikan
30%
Marvin Barnes
30%
Matt Barnes
30%
Othyus Jeffers
30%
Robert Parish
30%
Al Jefferson
29%
Amar'e Stoudemire
29%
Chauncey Billups
29%
Chris Mills
29%
Chris Richard
29%
Cory Jefferson
29%
Darvin Ham
29%
Dontell Jefferson
29%
Ed Mills
29%
Jack Mills
29%
John Mills
29%
Kristaps Porziņģis
29%
Michael Redd
29%
Patty Mills
29%
Richard Jefferson
29%
Rondae Hollis-Jefferson
29%
Terry Mills
29%
Tim Frazier
29%
Walt Frazier
29%
Zach LaVine
29%
Alonzo Mourning
28%
Archie Clark
28%
Brandon Ingram
28%
Carlos Clark
28%
C.J. McCollum
28%
Derrick Gervin
28%
Dick Clark
28%
Earl Clark
28%
George Gervin
28%
Ian Clark
28%
Keon Clark
28%
McCoy Ingram
28%
Rick Barry
28%
Shawn Kemp
28%
Wes Unseld
28%
Wilbert Frazier
28%
Clint Richardson
27%
Gene Conley
27%
Jason Richardson
27%
Jeremy Richardson
27%
Joakim Noah
27%
Josh Richardson
27%
Kyle Korver
27%
Larry Conley
27%
Malachi Richardson
27%
Marcus Cousin
27%
Matt Fish
27%
Mike Conley, Jr.
27%
Norman Richardson
27%
Pascal Siakam
27%
Pooh Richardson
27%
Quentin Richardson
27%
Serge Ibaka
27%
Alvin Scott
26%
Andre Turner
26%
Bill Turner
26%
Brent Barry
26%
Brent Scott
26%
Byron Scott
26%
Charlie Scott
26%
Dennis Scott
26%
Derek Fisher
26%
Drew Barry
26%
Elston Turner
26%
Evan Turner
26%
Gary Turner
26%
Henry Turner
26%
Herschell Turner
26%
James Scott
26%
Jeff Turner
26%
Jimmy Collins
26%
Joe Scott
26%
John Turner
26%
Jon Barry
26%
Julius Randle
26%
Kendrick Perkins
26%
LaMarcus Aldridge
26%
Mike Scott
26%
Myles Turner
26%
Ray Scott
26%
Sam Perkins
26%
Shawnelle Scott
26%
Warren Kidd
26%
Warren Perkins
26%
Wayne Turner
26%
Willie Scott
26%
A.J. English
25%
Alex English
25%
Art Collins
25%
Avery Bradley
25%
Bobby Lewis
25%
Bob McAdoo
25%
Cedric Lewis
25%
Chasson Randle
25%
Chris Webber
25%
Claude English
25%
Cliff Alexander
25%
Cory Alexander
25%
Courtney Alexander
25%
Don Collins
25%
Doug Collins
25%
Freddie Lewis
25%
Fred Lewis
25%
Garmon Lewis
25%
Gary Alexander
25%
Grady Lewis
25%
James Collins
25%
Jarron Collins
25%
Jason Collins
25%
Joe Alexander
25%
Joe Dumars
25%
John Collins
25%
Kim English
25%
Mardy Collins
25%
Martin Lewis
25%
Merle Alexander
25%
Mike Lewis
25%
Nikola Vučević
25%
Quincy Lewis
25%
Ralph Lewis
25%
Rashard Lewis
25%
Reggie Lewis
25%
Rick Fisher
25%
Scott English
25%
Shawn Bradley
25%
Sherron Collins
25%
Victor Alexander
25%
Zach Collins
25%
A.J. Price
24%
Alex Bradley
24%
Alonzo Bradley
24%
Al Price
24%
Bernie Price
24%
Bill Laimbeer
24%
Bo Ellis
24%
Boo Ellis
24%
Brent Price
24%
Charles Bradley
24%
Chris Mullin
24%
Dale Ellis
24%
Dale Hamilton
24%
Daniel Hamilton
24%
Dennis Hamilton
24%
Dudley Bradley
24%
Harold Ellis
24%
Jim Bradley
24%
Jim Price
24%
Joe Bradley
24%
Joe Ellis
24%
Joe Hamilton
24%
Jordan Hamilton
24%
Justin Hamilton
24%
LaPhonso Ellis
24%
LeRon Ellis
24%
LeRoy Ellis
24%
Marcus Smart
24%
Mark Price
24%
Michael Bradley
24%
Mike Price
24%
Monta Ellis
24%
Paul Price
24%
Ralph Hamilton
24%
Richard Hamilton
24%
Ronnie Price
24%
Roy Hamilton
24%
Steve Hamilton
24%
Tang Hamilton
24%
Thomas Hamilton
24%
Tony Bradley
24%
Tony Price
24%
Tyson Chandler
24%
Wilson Chandler
24%
Zendon Hamilton
24%
Aaron Brooks
23%
Andre Drummond
23%
Antoine Carr
23%
Bam Adebayo
23%
Billy Cunningham
23%
Carlos Terry
23%
Chris Carr
23%
Chuck Terry
23%
Claude Terry
23%
Cookie Cunningham
23%
Cory Carr
23%
Dante Cunningham
23%
Dick Cunningham
23%
Dillon Brooks
23%
Gordon Hayward
23%
Jared Cunningham
23%
Jason Terry
23%
Keith Smart
23%
Kenny Carr
23%
Kevin Brooks
23%
Lazar Hayward
23%
MarShon Brooks
23%
Michael Brooks
23%
M.L. Carr
23%
Muggsy Bogues
23%
P.J. Tucker
23%
Scott Brooks
23%
William Cunningham
23%
World B. Free
23%
Alando Tucker
22%
Al Tucker
22%
Anthony Tucker
22%
Beryl Drummond
22%
Bob Wilson
22%
Bubba Wilson
22%
D.J. Wilson
22%
Fred VanVleet
22%
Harlan Wilson
22%
Isaiah Wilson
22%
Jamil Wilson
22%
Jasper Wilson
22%
Jim Tucker
22%
Jim Wilson
22%
J.J. Redick
22%
Jusuf Nurkić
22%
Kornel David
22%
Mike Wilson
22%
Nikita Wilson
22%
Othell Wilson
22%
Paul Millsap
22%
Pete Maravich
22%
Rick Wilson
22%
Ricky Wilson
22%
Rudy Gay
22%
Steve Wilson
22%
Trent Tucker
22%
Trevor Wilson
22%
Udonis Haslem
22%
Zach Randolph
22%
Anthony Randolph
21%
Art Long
21%
Bill Bridges
21%
Byron Bell
21%
Charlie Bell
21%
Dennis Bell
21%
Derek Harper
21%
Earl Monroe
21%
Gorgui Dieng
21%
Grant Long
21%
Greg Monroe
21%
JaVale McGee
21%
John Long
21%
Jordan Bell
21%
Justin Harper
21%
Mike Harper
21%
Mike McGee
21%
Paul Long
21%
Press Maravich
21%
Raja Bell
21%
Rodney Monroe
21%
Ron Harper
21%
Shavlik Randolph
21%
Shawn Long
21%
Toni Kukoc
21%
Troy Bell
21%
Whitey Bell
21%
Willie Long
21%
Andrew Bogut
20%
Artis Gilmore
20%
Austin Rivers
20%
Bobby Washington
20%
Bojan Bogdanović
20%
Chris Crawford
20%
Chuck Cooper
20%
Clint Capela
20%
Darius Washington
20%
David Rivers
20%
Del Rice
20%
Doc Rivers
20%
Donald Washington
20%
Duane Cooper
20%
Duane Washington
20%
Eric Washington
20%
Freddie Crawford
20%
Gilbert Arenas
20%
Glen Rice
20%
Jamal Crawford
20%
Jason Hart
20%
Jim Washington
20%
Joe Cooper
20%
Joe Crawford
20%
Jordan Clarkson
20%
Jordan Crawford
20%
Josh Hart
20%
Kentavious Caldwell-Pope
20%
Kermit Washington
20%
Lance Stephenson
20%
Leon Powe
20%
Luol Deng
20%
Michael Cooper
20%
Peja Stojaković
20%
Richard Washington
20%
Shawn Marion
20%
Stan Washington
20%
Taurean Prince
20%
Tayshaun Prince
20%
Trooper Washington
20%
Victor Oladipo
20%
Walt Gilmore
20%
Wayne Cooper
20%
Wilson Washington
20%
Žydrūnas Ilgauskas
20%
Al Wood
19%
Antawn Jamison
19%
Anthony Bennett
19%
Barry Nelson
19%
Billy Evans
19%
B.J. Armstrong
19%
Bob Evans
19%
Bob Wood
19%
Brandon Armstrong
19%
Brandon Roy
19%
Brian Evans
19%
Christian Wood
19%
Curly Armstrong
19%
Darrell Armstrong
19%
Dave Cowens
19%
David Wood
19%
DeMarcus Cousins
19%
DeMarcus Nelson
19%
Dick Evans
19%
Don Nelson
19%
Earl Evans
19%
Elijah Millsap
19%
Gerry Archibald
19%
Goran Dragić
19%
Hank Evans
19%
Hilton Armstrong
19%
Howard Wood
19%
Jameer Nelson
19%
Jawun Evans
19%
Jeremy Evans
19%
Jonas Valančiūnas
19%
Kevin Willis
19%
Kyle Kuzma
19%
Lamar Odom
19%
Larry Nance
19%
Larry Nance, Jr.
19%
Leon Wood
19%
Louie Nelson
19%
Maurice Evans
19%
Mike Evans
19%
Miles Simon
19%
Nate Archibald
19%
Norris Cole
19%
Reggie Evans
19%
Robert Archibald
19%
Robert Horry
19%
Ron Nelson
19%
Scotty Armstrong
19%
Sonny Wood
19%
Tate Armstrong
19%
Tony Bennett
19%
Tyreke Evans
19%
Walt Simon
19%
Zoran Dragić
19%
Adrian Dantley
18%
Andre Moore
18%
Anthony Taylor
18%
Barry Stevens
18%
Ben Stephens
18%
Bob Boozer
18%
Brian Taylor
18%
Carlos Boozer
18%
Cincy Powell
18%
D.J. Stephens
18%
Dolph Schayes
18%
Donell Taylor
18%
Dudey Moore
18%
Dwight Powell
18%
E'Twaun Moore
18%
Everette Stephens
18%
Fatty Taylor
18%
Fred Taylor
18%
Gene Moore
18%
Isaiah Taylor
18%
Ivica Zubac
18%
Jackie Moore
18%
Jack Stephens
18%
Jay Taylor
18%
Jeffery Taylor
18%
Jeff Taylor
18%
Jeff Teague
18%
Jermaine Taylor
18%
Joe Stephens
18%
Johnny Moore
18%
Johnny Taylor
18%
Josh Powell
18%
Kasib Powell
18%
Kevon Looney
18%
Larry Moore
18%
Leonard Taylor
18%
Lionel Chalmers
18%
Lowes Moore
18%
Mario Chalmers
18%
Marquis Teague
18%
Maurice Taylor
18%
Mike Taylor
18%
Mikki Moore
18%
Norman Powell
18%
Ollie Taylor
18%
Otto Moore
18%
Paul Arizin
18%
Ralph Sampson
18%
Ricky Rubio
18%
Robert Powell
18%
Roger Powell
18%
Ron Moore
18%
Ron Taylor
18%
Tracy Moore
18%
Tyshawn Taylor
18%
Vince Taylor
18%
Wayne Stevens
18%
Aaron Harrison
17%
Alan Henderson
17%
Allen Murphy
17%
Al Lucas
17%
Andrew Harrison
17%
Antoine Wright
17%
Bill Garnett
17%
Bill Schroeder
17%
Bob Harrison
17%
Bogdan Bogdanović
17%
Bracey Wright
17%
Brad Wright
17%
Brandan Wright
17%
Buddy Hield
17%
Calvin Murphy
17%
Clovis Stark
17%
Curt Henderson
17%
David Harrison
17%
David Henderson
17%
Delon Wright
17%
Dennis Schröder
17%
Dick Murphy
17%
Donald Whiteside
17%
Dorell Wright
17%
Erik Murphy
17%
Fat Lever
17%
George Bruns
17%
Gerald Henderson
17%
Greg Oden
17%
Hassan Whiteside
17%
Howard Wright
17%
Howie Wright
17%
JaKarr Sampson
17%
Jamal Sampson
17%
Jay Murphy
17%
Jerome Henderson
17%
Jerry Lucas
17%
Joby Wright
17%
John Lucas
17%
John Wright
17%
J.R. Henderson
17%
Julian Wright
17%
Kalin Lucas
17%
Kevin Henderson
17%
Kevin Murphy
17%
Larry Wright
17%
Leroy Wright
17%
Lonnie Wright
17%
Loren Wright
17%
Lorenzen Wright
17%
Luther Wright
17%
Marlon Garnett
17%
Maurice Lucas
17%
Rashad Wright
17%
Ronnie Murphy
17%
Sharone Wright
17%
Tod Murphy
17%
Tom Henderson
17%
Troy Murphy
17%
Bill Crow
16%
Bob Baker
16%
Brandon Hunter
16%
Cedric Hunter
16%
Chris Hunter
16%
Connie Rea
16%
Daniel Gibson
16%
Danny Schayes
16%
David Pope
16%
Dee Gibson
16%
Elton Brand
16%
Hoot Gibson
16%
Jim Ard
16%
Jimmie Baker
16%
Jonathan Gibson
16%
Les Hunter
16%
Lindsey Hunter
16%
Malcolm Brogdon
16%
Mark Baker
16%
Mark Crow
16%
Mark Eaton
16%
Mark Pope
16%
Maurice Baker
16%
Mel Gibson
16%
Mike Gibson
16%
Nicolas Batum
16%
Norm Baker
16%
Othello Hunter
16%
Patrick Beverley
16%
Quinton Ross
16%
Rick Brunson
16%
Rik Smits
16%
R.J. Hunter
16%
Ron Baker
16%
Shareef Abdur-Rahim
16%
Steven Hunter
16%
Taj Gibson
16%
Terrence Ross
16%
Trevor Ariza
16%
Vander Blue
16%
Vin Baker
16%
Vince Hunter
16%
Vlade Divac
16%
Wesley Matthews
16%
Aaron Gray
15%
Alec Peters
15%
Alex Len
15%
Al Sanders
15%
Andrew Bynum
15%
Antonio Daniels
15%
Bill Cartwright
15%
Charles Oakley
15%
Chris Andersen
15%
Cody Zeller
15%
Corey Crowder
15%
Cortez Gray
15%
Danilo Gallinari
15%
Dave Bing
15%
Dave Zeller
15%
David Andersen
15%
Devin Gray
15%
Ed Gray
15%
Erik Daniels
15%
Evric Gray
15%
Frankie Sanders
15%
Gary Gray
15%
Gary Zeller
15%
Harold Jamison
15%
Harry Zeller
15%
Henry Bibby
15%
Jae Crowder
15%
Jeff Sanders
15%
Larry Sanders
15%
Leonard Gray
15%
Lloyd Daniels
15%
Luke Zeller
15%
Markelle Fultz
15%
Marquis Daniels
15%
Maurice Cheeks
15%
Mel Daniels
15%
Melvin Sanders
15%
Mike Bibby
15%
Mike Sanders
15%
Nate Thurmond
15%
Randy Livingston
15%
Satch Sanders
15%
Shaun Livingston
15%
Stuart Gray
15%
Sylvester Gray
15%
Troy Daniels
15%
Tyler Zeller
15%
Wes Matthews
15%
Wyndol Gray
15%
Acie Law
14%
Anthony Cook
14%
Bert Cook
14%
Bobby Cook
14%
Bob Lanier
14%
Brian Cook
14%
Bruce Bowen
14%
Cedric Maxwell
14%
Clifford Rozier
14%
Daequan Cook
14%
Damon Stoudamire
14%
Danny Granger
14%
Danuel House
14%
Darwin Cook
14%
Don May
14%
Doron Lamb
14%
Eddie House
14%
Enes Kanter
14%
Eric Bledsoe
14%
Fred Christ
14%
Gary Garland
14%
Hal Greer
14%
Jeff Cook
14%
Jeremy Lamb
14%
Jermareo Davidson
14%
Jerry Chambers
14%
Joe Ingles
14%
Johan Petro
14%
Lauri Markkanen
14%
Luc Longley
14%
Lynn Greer
14%
Marcin Gortat
14%
Mitch Richmond
14%
Norm Cook
14%
Omar Cook
14%
Quinn Cook
14%
Ron Horn
14%
Roy Hibbert
14%
Ryan Bowen
14%
Sam Cassell
14%
Scott May
14%
Sean May
14%
Sheldon Mac
14%
Sidney Moncrief
14%
Stewart Granger
14%
Ted Cook
14%
Terry Rozier
14%
Tom Chambers
14%
Vernon Maxwell
14%
Will Bynum
14%
Winston Garland
14%
Zaza Pachulia
14%
Adam Morrison
13%
Alphonso Ford
13%
Alton Ford
13%
Andre Barrett
13%
Andrei Kirilenko
13%
Billy Knight
13%
Bobby Portis
13%
Bobby Watson
13%
Bob Ford
13%
Bob Knight
13%
Bob Peterson
13%
Boris Diaw
13%
Brandin Knight
13%
Brandon Knight
13%
Brevin Knight
13%
Chet Francis
13%
Chris Ford
13%
Chub Watson
13%
C.J. Watson
13%
Clint McDaniel
13%
Dajuan Wagner
13%
Danny Ainge
13%
Danny Wagner
13%
Detlef Schrempf
13%
Don Ford
13%
Dražen Petrović
13%
Earl Watson
13%
Ed Peterson
13%
Emeka Okafor
13%
Emmett Morrison
13%
Ernie Barrett
13%
Evan Fournier
13%
Jahlil Okafor
13%
Jake Ford
13%
Jamie Watson
13%
Jeff Hornacek
13%
Jim Paxson
13%
John Morrison
13%
John Paxson
13%
Latrell Sprewell
13%
Len Ford
13%
Mark Aguirre
13%
Marlon Maxey
13%
Marshall Plumlee
13%
Mason Plumlee
13%
Mel Peterson
13%
Mike Barrett
13%
Mike Hall
13%
Mike Morrison
13%
Miles Plumlee
13%
Milt Wagner
13%
Morris Peterson
13%
Negele Knight
13%
Norm Wagner
13%
Phil Ford
13%
Phil Wagner
13%
Red Morrison
13%
Rolando Blackman
13%
Ron Knight
13%
Salim Stoudamire
13%
Sharrod Ford
13%
Sherell Ford
13%
Stephon Marbury
13%
Steve Francis
13%
T.J. Ford
13%
Toby Knight
13%
Tony Battie
13%
Travis Knight
13%
Xavier McDaniel
13%
Aaron Miles
12%
Adrian Caldwell
12%
Alex Garcia
12%
Allan Houston
12%
Anthony Mason
12%
Bill Dinwiddie
12%
Billy Reid
12%
Brandon Jennings
12%
Byron Houston
12%
C.J. Miles
12%
Connie Hawkins
12%
Cuttino Mobley
12%
Darius Miles
12%
DeShawn Stevenson
12%
Desmond Mason
12%
Don Reid
12%
Earl Hawkins
12%
Eddie Miles
12%
Eric Mobley
12%
Francisco García
12%
Frank Garcia
12%
Hedo Türkoğlu
12%
Hersey Hawkins
12%
Iman Shumpert
12%
Jack Jennings
12%
Jack Sikma
12%
Jim Caldwell
12%
Jim Reid
12%
Joe Caldwell
12%
Joel Mason
12%
Joe Reaves
12%
John Starks
12%
J.R. Reid
12%
Juaquin Hawkins
12%
Keith Jennings
12%
Marshall Hawkins
12%
Michael Hawkins
12%
OG Anunoby
12%
Robert Hawkins
12%
Robert Reid
12%
Roger Mason
12%
Ryan Reid
12%
Spencer Dinwiddie
12%
Tom Hawkins
12%
Alex Caruso
11%
Anderson Varejão
11%
Andy Phillip
11%
Anthony Roberson
11%
Bobby Holm
11%
Bob Warren
11%
Cal Graham
11%
Charlie Ward
11%
Darren Collison
11%
DeMarre Carroll
11%
Dennis Stewart
11%
Elden Campbell
11%
Fred Campbell
11%
Gail Goodrich
11%
Gary Trent
11%
George Karl
11%
Gerry Ward
11%
Greg Graham
11%
Henry Ward
11%
Joe Barry Carroll
11%
Joey Graham
11%
John Warren
11%
Kebu Stewart
11%
Ken Campbell
11%
Larry Stewart
11%
Lester Hudson
11%
Lou Hudson
11%
Mal Graham
11%
Malik Monk
11%
Marcus Camby
11%
Matthew Dellavedova
11%
Michael Finley
11%
Michael Stewart
11%
Norm Stewart
11%
Orlando Graham
11%
Otto Graham
11%
Paul Graham
11%
Rick Roberson
11%
Roosie Hudson
11%
Royce O'Neale
11%
Sergio Rodríguez
11%
Stephen Graham
11%
Steve Goodrich
11%
Tellis Frank
11%
Terrance Roberson
11%
T.J. Warren
11%
Tom Kelly
11%
Tony Campbell
11%
Treveon Graham
11%
Troy Hudson
11%
Tyronn Lue
11%
Willie Warren
11%
Adreian Payne
10%
Alfredrick Hughes
10%
Allan Ray
10%
Andrea Bargnani
10%
Arvesta Kelly
10%
Ben Coleman
10%
Bob Davies
10%
Bob Elliott
10%
Bob Parsons
10%
Bob Shaw
10%
Brandon Davies
10%
Brendan Haywood
10%
Brian Shaw
10%
Cameron Payne
10%
Carl Bailey
10%
Carlos Rogers
10%
Casey Shaw
10%
Chandler Parsons
10%
Charles Claxton
10%
Charlie Beasley
10%
Christian Laettner
10%
Clifford Ray
10%
Cory Joseph
10%
Danny Manning
10%
Dario Šarić
10%
Dave DeBusschere
10%
Derrick Coleman
10%
Derrick Favors
10%
Don Ray
10%
E.C. Coleman
10%
Eddie Gill
10%
Eddie Hughes
10%
Ed Manning
10%
Eric Snow
10%
Garth Joseph
10%
Gus Bailey
10%
Guy Manning
10%
Guy Rodgers
10%
Harry Rogers
10%
Ife Holmes
10%
Jack Coleman
10%
Jamaal Wilkes
10%
James Bailey
10%
James Ray
10%
James Wilkes
10%
Jason Lawson
10%
Jay Vincent
10%
Jerome Beasley
10%
Jerry Kelly
10%
Jerry Stackhouse
10%
Jim Ray
10%
Joe Stack
10%
John Bagley
10%
John Beasley
10%
Johnny Rogers
10%
Kendall Gill
10%
Kenny Payne
10%
Kim Hughes
10%
Kris Joseph
10%
Larry Foust
10%
Larry Hughes
10%
Leandro Barbosa
10%
Mahmoud Abdul-Rauf
10%
Malik Beasley
10%
Marshall Rogers
10%
Michael Beasley
10%
Nate Johnston
10%
Nazr Mohammed
10%
Neil Johnston
10%
Nick Collison
10%
Nick Van Exel
10%
Norris Coleman
10%
Pat Cummings
10%
Paul Coleman
10%
Ralph Simpson
10%
Randy Breuer
10%
Richaun Holmes
10%
Rich Manning
10%
Rick Hughes
10%
Robert Covington
10%
Rodney Rogers
10%
Roy Rogers
10%
Ryan Kelly
10%
Ryan Stack
10%
Sam Vincent
10%
Sean Elliott
10%
Shane Battier
10%
Speedy Claxton
10%
Spencer Haywood
10%
Terry Cummings
10%
Thurl Bailey
10%
Toby Bailey
10%
Tom Payne
10%
Ty Lawson
10%
Vonteego Cummings
10%
Will Barton
10%
Willie Rogers
10%
Yvon Joseph
10%
Alec Burks
9%
Al Henry
9%
Andrae Patterson
9%
Andre Dawkins
9%
Antonio Burks
9%
Bill Henry
9%
B.J. Tyler
9%
Boban Marjanović
9%
Brad Daugherty
9%
Brian Scalabrine
9%
Carl Henry
9%
Charles Dudley
9%
Chris Dudley
9%
Conner Henry
9%
Corey Brewer
9%
Darryl Dawkins
9%
David Noel
9%
Dennis Grey
9%
Denny Elliot
9%
Donny Marshall
9%
Donyell Marshall
9%
Dyron Nix
9%
George Patterson
9%
Gheorghe Muresan
9%
Jamison Brewer
9%
Jared Dudley
9%
Jeremy Tyler
9%
Jim Brewer
9%
Jim Marsh
9%
Johnny Dawkins
9%
Jonathan Isaac
9%
Jose Calderon
9%
Kelly Olynyk
9%
Kendall Marshall
9%
Kenneth Faried
9%
Kenny Rollins
9%
Kris Dunn
9%
Lamar Patterson
9%
Loren Woods
9%
Marco Belinelli
9%
Montrezl Harrell
9%
Nerlens Noel
9%
Otis Thorpe
9%
Pat Burke
9%
Pat Dunn
9%
Patrick Patterson
9%
Paul Dawkins
9%
Paul Noel
9%
Phil Rollins
9%
Qyntel Woods
9%
Randy Woods
9%
Rawle Marshall
9%
Raymond Felton
9%
Ray Patterson
9%
Ricky Marsh
9%
Ron Brewer
9%
Ronnie Brewer
9%
Ruben Patterson
9%
Skeeter Henry
9%
Steve Patterson
9%
Terry Tyler
9%
Tiago Splitter
9%
Tom Heinsohn
9%
Tom Marshall
9%
Tommy Woods
9%
Tom Patterson
9%
T.R. Dunn
9%
Tree Rollins
9%
Trey Burke
9%
Vester Marshall
9%
Walt Bellamy
9%
Worthy Patterson
9%
Xavier Henry
9%
Anthony Bowie
8%
Arron Afflalo
8%
Aulcie Perry
8%
Bill Sharman
8%
Bob Phillips
8%
Bob Riley
8%
Bonzi Wells
8%
Brandon Bass
8%
Bryce Drew
8%
Bubba Wells
8%
Bucky McConnell
8%
Caris LeVert
8%
Charles Perry
8%
Chris Kaman
8%
Coty Clarke
8%
Curtis Perry
8%
Dan Issel
8%
David Wesley
8%
Derek Hood
8%
Dion Waiters
8%
D.J. Augustin
8%
Eddie Phillips
8%
Elliot Perry
8%
Eric Riley
8%
Fred Foster
8%
Gary Phillips
8%
Gene Phillips
8%
Granville Waiters
8%
Greg Foster
8%
Howie Carl
8%
Isaac Austin
8%
Jeff Foster
8%
Jim McDaniels
8%
Jimmy Foster
8%
John Austin
8%
John Drew
8%
Ken Austin
8%
Kiki Vandeweghe
8%
Kirk Hinrich
8%
K.J. McDaniels
8%
Kurt Rambis
8%
Larry Drew
8%
Luis Scola
8%
Luke Kennard
8%
Marko Milič
8%
Nikola Mirotić
8%
Norm Nixon
8%
Owen Wells
8%
Pat Riley
8%
Ralph Wells
8%
Rod Foster
8%
Rodney Hood
8%
Ron Perry
8%
Ron Riley
8%
Rudy Fernandez
8%
Sam Bowie
8%
Steve Blake
8%
Terrell Brandon
8%
Tim Perry
8%
T.J. McConnell
8%
Wally Szczerbiak
8%
Walt Wesley
8%
Willie Phillips
8%
Adam Harrington
7%
Al-Farouq Aminu
7%
Al Harrington
7%
Andre Owens
7%
Bailey Howell
7%
Ben McDonald
7%
Bill McDonald
7%
Bill Reeves
7%
Billy Owens
7%
Bismack Biyombo
7%
Bobby Fields
7%
Bob Dandridge
7%
Bryant Reeves
7%
Cedi Osman
7%
Channing Frye
7%
Chris Owens
7%
Chuck Person
7%
Coby Karl
7%
Corey Maggette
7%
Craig Neal
7%
Dan Majerle
7%
Danny Finn
7%
Darko Miličić
7%
Darrell Griffith
7%
Dāvis Bertāns
7%
Donald Sloan
7%
Doug Christie
7%
Doug McDermott
7%
Dragan Bender
7%
Eddie Owens
7%
Elmer Bennett
7%
Gary Neal
7%
Glenn McDonald
7%
Guy Morgan
7%
Henry Sims
7%
Howard Bayne
7%
Jamal Mashburn
7%
James Donaldson
7%
James Silas
7%
Jerry Sloan
7%
Jim Neal
7%
Jim Owens
7%
Joe Fulks
7%
John Salley
7%
Jonathan Bender
7%
Jonny Flynn
7%
Juan Hernangómez
7%
Keith Owens
7%
Ken Charles
7%
Ken Griffith
7%
Kenny Fields
7%
Kent Bazemore
7%
Khalid Reeves
7%
Landry Fields
7%
Larry Owens
7%
Lloyd Neal
7%
Lorenzo Charles
7%
Lorinza Harrington
7%
Mario Bennett
7%
Matt Carroll
7%
Maxi Kleber
7%
Mel Bennett
7%
Michael Kidd-Gilchrist
7%
Michael McDonald
7%
Michael Olowokandi
7%
Mike Flynn
7%
O.J. Mayo
7%
Othella Harrington
7%
Paul Silas
7%
Paul Westphal
7%
Quincy Acy
7%
Red Owens
7%
Rex Morgan
7%
Rick Mahorn
7%
Ricky Berry
7%
Roderick McDonald
7%
Rollen Hans
7%
Scott Skiles
7%
Spider Bennett
7%
Timofey Mozgov
7%
Tom Owens
7%
Walter Berry
7%
Walter Sharpe
7%
Wesley Bennett
7%
Wesley Person
7%
Willie Cauley-Stein
7%
Willy Hernangómez
7%
Winston Bennett
7%
Xavier Silas
7%
Andrew Lang
6%
Antonio Lang
6%
Antonio McDyess
6%
Audie Norris
6%
Bart Quinn
6%
Benoit Benjamin
6%
Bill Wennington
6%
Bob Quick
6%
Bruce Douglas
6%
Cedric Ceballos
6%
Charles Jenkins
6%
Charley Parks
6%
Cherokee Parks
6%
Chris Quinn
6%
Corey Benjamin
6%
Daniel Theis
6%
Dante Exum
6%
Dick Barnett
6%
Donald Hodge
6%
Donnie Freeman
6%
Drew Gooden
6%
Erick Dampier
6%
Erick Strickland
6%
Ersan İlyasova
6%
Fab Melo
6%
Fred Jacobs
6%
Gary Freeman
6%
Gene Banks
6%
Gene Short
6%
George McGinnis
6%
George Yardley
6%
Greg Ostertag
6%
Herb Bonn
6%
Horace Jenkins
6%
Isaiah Rider
6%
Jamario Moon
6%
James Lang
6%
Jay Humphries
6%
Jeff Mullins
6%
Jerry Bush
6%
Jim Barnett
6%
John Douglas
6%
John Jenkins
6%
Julius Hodge
6%
Keith Van Horn
6%
Kris Humphries
6%
Leon Douglas
6%
Louie Dampier
6%
Marcus Banks
6%
Mark Strickland
6%
Maurice Harkless
6%
Mehmet Okur
6%
Metta World Peace
6%
Moochie Norris
6%
Mookie Blaylock
6%
Myles Patrick
6%
Nate Barnett
6%
Oliver Mack
6%
Pepe Sanchez
6%
Pete Myers
6%
Purvis Short
6%
Reggie Bullock
6%
Reggie Theus
6%
Rich Parks
6%
Rod Freeman
6%
Rod Strickland
6%
Rod Thorn
6%
Roger Strickland
6%
Royal Ivey
6%
Rudy Tomjanovich
6%
Sam Mack
6%
Sasha Vujačić
6%
Shannie Barnett
6%
Shelvin Mack
6%
Sherman Douglas
6%
Skip Wise
6%
Sleepy Floyd
6%
Stan Patrick
6%
Sylvester Norris
6%
Thabo Sefolosha
6%
Todd Day
6%
Toney Douglas
6%
Tony Snell
6%
Torrey Craig
6%
Walker Banks
6%
Willie Wise
6%
Woody Norris
6%
Aaron McKie
5%
Acie Earl
5%
Álex Abrines
5%
Andre Spencer
5%
Anthony Bonner
5%
Aron Baynes
5%
Ben McLemore
5%
Bimbo Coles
5%
Byron Beck
5%
Calvin Garrett
5%
Carl Braun
5%
Chubby Cox
5%
Chucky Atkins
5%
Cliff Hagan
5%
Clyde Anton
5%
Collis Temple
5%
Corey Beck
5%
Craig Ehlo
5%
Craig Hodges
5%
Dana Barros
5%
Darnell Mee
5%
Darnell Valentine
5%
Darrell Arthur
5%
Dean Garrett
5%
Denzel Valentine
5%
Derrick Alston
5%
Desmond Ferguson
5%
Dewayne Dedmon
5%
Diamond Stone
5%
Diante Garrett
5%
Dick Garrett
5%
Don Walsh
5%
Dorian Finney-Smith
5%
Ed Macauley
5%
Edmund Lawrence
5%
Elmore Spencer
5%
Elnardo Webster
5%
Emmanuel Mudiay
5%
Ernie Beck
5%
Felton Spencer
5%
Frank Brian
5%
Frank Kaminsky
5%
Frank Ntilikina
5%
Furkan Korkmaz
5%
Garrett Temple
5%
George Lynch
5%
Georges Niang
5%
George Stone
5%
Glenn Hagan
5%
Guillermo Diaz
5%
Hasheem Thabeet
5%
Ian Mahinmi
5%
Jack Spencer
5%
Jack Twyman
5%
Jamaal Franklin
5%
Jared Jeffries
5%
Jeff Webster
5%
Jerome Kersey
5%
Jim Pollard
5%
Jim Walsh
5%
John Henson
5%
Johnny Cox
5%
John Olive
5%
Julyan Stone
5%
Justise Winslow
5%
Kelly Oubre Jr.
5%
Ken Walters
5%
Kerry Kittles
5%
Kevin Duckworth
5%
Kevin Lynch
5%
Lionel Hollins
5%
Mario Elie
5%
Marquese Chriss
5%
Marreese Speights
5%
Martell Webster
5%
Marvin Webster
5%
Matt Bonner
5%
Matt Walsh
5%
McCoy McLemore
5%
Mike D'Antoni
5%
Mike Novak
5%
Mike Woodson
5%
Nate McMillan
5%
Nikola Peković
5%
Ömer Aşık
5%
Otis Birdsong
5%
Pat Connaughton
5%
Patrick McCaw
5%
Pervis Ellison
5%
Phil Hicks
5%
Rafer Alston
5%
Ramon Sessions
5%
Randy Foye
5%
Rex Walters
5%
Richie Guerin
5%
Rickie Winslow
5%
Robert Swift
5%
Ronnie Valentine
5%
Rony Seikaly
5%
Rowland Garrett
5%
Ryan Hollins
5%
Samuel Dalembert
5%
Scot Pollard
5%
Sean Marks
5%
Skeeter Swift
5%
Steve Henson
5%
Steve Novak
5%
Stromile Swift
5%
Terrance Ferguson
5%
Thon Maker
5%
Tom Hagan
5%
Trey Lyles
5%
Vinny Del Negro
5%
Walt Szczerbiak
5%
Wayne Ellington
5%
Wesley Cox
5%
Will Franklin
5%
Zhou Qi
5%
Al Alvarez
4%
Al Benson
4%
Alexis Ajinça
4%
Allen Crabbe
4%
Al Thornton
4%
Alton Lister
4%
Alvin Sims
4%
Andrew Toney
4%
Andris Biedriņš
4%
Ante Žižić
4%
Anthony Morrow
4%
Antonio Harvey
4%
Archie Goodwin
4%
Bello Snyder
4%
Bill Kennedy
4%
Bill Lloyd
4%
Bill Newton
4%
Billy Donovan
4%
Bob Ferry
4%
Bob Lloyd
4%
Bob Thornton
4%
Bo Lamar
4%
Bo Outlaw
4%
Brandon Rush
4%
Brian Oliver
4%
Bruce Hale
4%
Bud Palmer
4%
Calbert Cheaney
4%
Cal Ramsey
4%
Carl Fuller
4%
Carlos Arroyo
4%
Charlie Villanueva
4%
Cheick Diallo
4%
Chico Vaughn
4%
Chuck Lloyd
4%
Clarence Weatherspoon
4%
Clyde Lovellette
4%
Coniel Norman
4%
Courtney Sims
4%
Dallas Thornton
4%
Danny Ferry
4%
David Burns
4%
Dean Oliver
4%
Deng Gai
4%
Dennis Boyd
4%
Derrick Dial
4%
DeSagana Diop
4%
Dick Snyder
4%
Dick Van Arsdale
4%
D.J. Kennedy
4%
Don Harvey
4%
Donnell Harvey
4%
Donté Greene
4%
Doug Sims
4%
Dwayne Bacon
4%
Earl Boykins
4%
Earl Lloyd
4%
Ed Burton
4%
Ed Horton
4%
Ed Mullen
4%
Ed Stokes
4%
Errol Palmer
4%
Essie Hollis
4%
Evers Burns
4%
Fabricio Oberto
4%
Festus Ezeli
4%
Frank Kornet
4%
Frank Ramsey
4%
Fred Boyd
4%
Gene Rock
4%
George Reynolds
4%
George Tinsley
4%
Georgios Papagiannis
4%
Goo Kennedy
4%
Greg Stokes
4%
Greivis Vásquez
4%
Hal Hale
4%
Harold Miner
4%
Henry Bacon
4%
Hiram Fuller
4%
Homer Fuller
4%
Jack Thornton
4%
Jacque Vaughn
4%
Jamaal Tinsley
4%
James Ennis
4%
James Posey
4%
Jared Sullinger
4%
Jarnell Stokes
4%
Jerryd Bayless
4%
Jerry Reynolds
4%
Jim Burns
4%
Jim Les
4%
Jimmer Fredette
4%
Jimmy Oliver
4%
Jim Palmer
4%
J.J. Hickson
4%
Jodie Meeks
4%
Joe Kennedy
4%
John Duren
4%
Johnny High
4%
Johnny Newman
4%
John Pritchard
4%
Jonas Jerebko
4%
Jordan Farmar
4%
Josh McRoberts
4%
Kareem Rush
4%
Keith Benson
4%
Kelly Tripucka
4%
Ken Boyd
4%
Ken Norman
4%
Kent Benson
4%
Kevin Pritchard
4%
Kirk Snyder
4%
Kosta Koufos
4%
Langston Galloway
4%
Lester Conner
4%
Lewis Lloyd
4%
Lowell Galloway
4%
Luc Mbah a Moute
4%
Luke Ridnour
4%
Mal Rush
4%
Marcus Thornton
4%
Mario Hezonja
4%
Mark Madsen
4%
Maurice Stokes
4%
Michael Cage
4%
Mickaël Piétrus
4%
Mike Muscala
4%
Mike Ratliff
4%
Nelson Bobb
4%
Nemanja Bjelica
4%
Nick Weatherspoon
4%
Norm Van Lier
4%
Omri Casspi
4%
Orien Greene
4%
Orlando Woolridge
4%
Patrick Christopher
4%
Paul Pressey
4%
Phil Pressey
4%
Pop Goodwin
4%
Ralph Vaughn
4%
Rashad Vaughn
4%
Raulzinho Neto
4%
Ray Ramsey
4%
Rex Chapman
4%
Robert Pack
4%
Rodney Stuckey
4%
Ronny Turiaf
4%
Ron Watts
4%
Samardo Samuels
4%
Sam Lacey
4%
Sam Little
4%
Samuel Watts
4%
Scott Lloyd
4%
Scott Sims
4%
Sedric Toney
4%
Shabazz Napier
4%
Slick Watts
4%
Spencer Hawes
4%
Stacey Augmon
4%
Steve Hawes
4%
Theo Ratliff
4%
T.J. Leaf
4%
Todd Fuller
4%
Tom Gugliotta
4%
Tom Van Arsdale
4%
Tony Fuller
4%
Tony Peyton
4%
Travis Best
4%
Travis Mays
4%
Travis Outlaw
4%
Trevor Winter
4%
Tyler Ennis
4%
Tyler Ulis
4%
Vince Oliver
4%
Virgil Vaughn
4%
Vladimir Radmanović
4%
Walter Palmer
4%
Warren Hair
4%
Wayne Chapman
4%
Wayne Pack
4%
William Avery
4%
Willie Burton
4%
Will Perdue
4%
Yi Jianlian
4%
Adonal Foyle
3%
Alan Hardy
3%
Al Carlson
3%
Alec Kessler
3%
Alex Kirk
3%
Al Fleming
3%
Al Hairston
3%
Allie McGuire
3%
Al McGuire
3%
Alonzo Gee
3%
Andray Blatche
3%
Andrés Nocioni
3%
Anthony Tolliver
3%
Antonius Cleveland
3%
Armen Gilliam
3%
Austin Croshere
3%
Bayard Forrest
3%
Ben Clyde
3%
Beno Udrih
3%
Bill Ash
3%
Bill Higgins
3%
Bill Holland
3%
Bill Meyer
3%
Bobby McDermott
3%
Bob Christian
3%
Bob Hansen
3%
Bob Hopkins
3%
Bob O'Brien
3%
Bob Sullivan
3%
Brad Holland
3%
Branden Dawson
3%
Bruce Flowers
3%
Bryan Warrick
3%
Bryn Forbes
3%
Carl Landry
3%
Carlos Delfino
3%
Chris Childs
3%
Chris Duhon
3%
Chris Gatling
3%
Chris Wilcox
3%
C.J. Wilcox
3%
Cleveland Buckner
3%
Cliff Barker
3%
Cliff Pondexter
3%
Cole Aldrich
3%
Corie Blount
3%
Cory Higgins
3%
Craig Dill
3%
Cristiano Felício
3%
DaJuan Summers
3%
Damyean Dotson
3%
Dan Roundfield
3%
Darrell Hardy
3%
Darryl Watkins
3%
Dave Minor
3%
DeAndre' Bembry
3%
DeJuan Blair
3%
Demetris Nichols
3%
Derek Strong
3%
Derrick McKey
3%
Dick Gibbs
3%
Dick McGuire
3%
Dionte Christmas
3%
D.J. Mbenga
3%
Dominic McGuire
3%
Don Buse
3%
Don Carlos
3%
Don Carlson
3%
Earle Higgins
3%
Earl Shannon
3%
Ed Fleming
3%
Ekpe Udoh
3%
Eric Dawson
3%
Eric Montross
3%
Ernie Vandeweghe
3%
Francisco Elson
3%
Frank Beaty
3%
Frank Shannon
3%
Fred Hilton
3%
Fred Saunders
3%
Gar Heard
3%
Gary Forbes
3%
Gary Gregor
3%
Gene Rhodes
3%
Geoff Petrie
3%
Glenn Hansen
3%
Greg Buckner
3%
Greg Minor
3%
Hakim Warrick
3%
Hamed Haddadi
3%
Happy Hairston
3%
Harry Donovan
3%
Harry Gallatin
3%
Henry Dickerson
3%
Herm Gilliam
3%
Howard Eisley
3%
Howie Shannon
3%
Ime Udoka
3%
Isaiah Whitehead
3%
Jack Marin
3%
Jack Nichols
3%
Jack Parr
3%
Jack Sullivan
3%
Jack Watkins
3%
Jacky Dorsey
3%
Jamaal Magloire
3%
James Hardy
3%
Jamie Dawson
3%
Jannero Pargo
3%
Jason Kapono
3%
Jason Maxiell
3%
Jeff Lamp
3%
Jeff Sheppard
3%
Jeremy Pargo
3%
Jerome Whitehead
3%
Jim Gibbs
3%
Jim Higgins
3%
Jimmy Dawson
3%
J.J. O'Brien
3%
Joe Holland
3%
Joey Dorsey
3%
John Battle
3%
John Gibbs
3%
John Holland
3%
Johnny Gee
3%
John O'Brien
3%
John Salmons
3%
Jordan Mickey
3%
Jorge Garbajosa
3%
José Ortiz
3%
Josh Childress
3%
Juan Dixon
3%
Jud Buechler
3%
Julian Hammond
3%
Keith Bogans
3%
Keith Carey
3%
Kenny Battle
3%
Kevin Gamble
3%
Keyon Dooling
3%
Kyle O'Quinn
3%
Kyle Singler
3%
Laddie Gale
3%
Lars Hansen
3%
Lawrence Boston
3%
Lee Huber
3%
Linas Kleiza
3%
Lindsay Hairston
3%
Loren Meyer
3%
Lou Amundson
3%
Luis Flores
3%
Luther Head
3%
Mack Calvin
3%
Malik Hairston
3%
Marcus Landry
3%
Mark Blount
3%
Mark Minor
3%
Matt Harpring
3%
Melvin Watkins
3%
Michael Dickerson
3%
Mike Gale
3%
Mike Higgins
3%
Miloš Teodosić
3%
Nando de Colo
3%
Nik Stauskas
3%
Noah Vonleh
3%
Olden Polynice
3%
Oren Nichols
3%
Óscar Torres
3%
Pablo Prigioni
3%
Pape Sy
3%
Patrick O'Bryant
3%
Perry Moss
3%
P.J. Hairston
3%
Quincy Pondexter
3%
Quinn Buckner
3%
Radoslav Nesterović
3%
Raef LaFrentz
3%
Rakeem Christmas
3%
Ralph O'Brien
3%
Randolph Childress
3%
Renaldo Balkman
3%
Richard Dumas
3%
Rich Dumas
3%
Rich Kelley
3%
Robert Kessler
3%
Rod Higgins
3%
Rodrick Rhodes
3%
Ron Dorsey
3%
Rudy LaRusso
3%
Rusty Saunders
3%
Ryan Gomes
3%
Sasha Pavlović
3%
Scott Wedman
3%
Sean Higgins
3%
Shabazz Muhammad
3%
Shane Larkin
3%
Sidney Lowe
3%
Sidney Wicks
3%
Steve Mix
3%
Steve Sheppard
3%
Swen Nater
3%
Ted Strong
3%
Tim Legler
3%
Tom Barker
3%
Tom Gola
3%
Tom Meyer
3%
Tommy O'Brien
3%
Tony Dawson
3%
Tony Delk
3%
Tony Dumas
3%
Toure' Murry
3%
Travis Hansen
3%
Tyler Dorsey
3%
Tyler Hansbrough
3%
Tyrone Corbin
3%
Vern Fleming
3%
Vern Mikkelsen
3%
Walt Kirk
3%
Wang Zhizhi
3%
Wayman Tisdale
3%
Wayne Embry
3%
Wilbur Holland
3%
Yogi Ferrell
3%
Zaid Abdul-Aziz
3%
Zelmo Beaty
3%
Abdel Nader
2%
Adam Keefe
2%
Adrian Branch
2%
Al Attles
2%
Al Beard
2%
Alex Acker
2%
Alexey Shved
2%
Allen Leavell
2%
Andrew Nicholson
2%
Anthony Frederick
2%
Anthony Peeler
2%
Arnie Risen
2%
Art Becker
2%
Ben Gardner
2%
Ben Hansbrough
2%
Bevo Nordmann
2%
Bill Downey
2%
Bill Lane
2%
Billy Paultz
2%
Bobby Phills
2%
Bob Doll
2%
Bob Mullens
2%
Bob Sura
2%
Bob Weiss
2%
Brianté Weber
2%
Brian Winters
2%
Bryant Stith
2%
Butch Beard
2%
Byron Mullens
2%
Calvin Booth
2%
Calvin Natt
2%
Carl Kilpatrick
2%
Carl Nicks
2%
Carrick Felix
2%
Charles Cooke
2%
Charles O'Bannon
2%
Charles Pittman
2%
Chase Budinger
2%
Chet Carlisle
2%
Chris Anstey
2%
Chris Babb
2%
Chris Copeland
2%
Chris McCray
2%
Chris Mihm
2%
Chuck Gardner
2%
Chuck Share
2%
Clark Kellogg
2%
Claude Gregory
2%
Cliff Levingston
2%
Clyde Mayes
2%
Cornelius Cash
2%
Cornell Warner
2%
Craig Raymond
2%
Craig Shelton
2%
Dale Wilkinson
2%
Daniel Orton
2%
Dar Hutchins
2%
Darius Songaila
2%
Dave Meyers
2%
David Benoit
2%
David Cooke
2%
David Greenwood
2%
David Nwaba
2%
David Wingate
2%
DeAndre Liggins
2%
Dell Demps
2%
Dennis DuVal
2%
Dennis Hopson
2%
Derrick Phelps
2%
Derrick Zimmerman
2%
Desmon Farmer
2%
Dexter Pittman
2%
Dickey Simpkins
2%
Dick Klein
2%
Donald Royal
2%
Donatas Motiejūnas
2%
Don Dee
2%
Don Ohl
2%
Doug Holcomb
2%
Doug Moe
2%
Duane Ferrell
2%
Dwayne Morton
2%
Dwight Waller
2%
Earl Barron
2%
Earl Gardner
2%
Earvin "Magic" Johnson
2%
Ed Nealy
2%
Ed O'Bannon
2%
Eduardo Nájera
2%
Elmer Gainer
2%
Eric Maynor
2%
Eric Moreland
2%
Eric Murdock
2%
Eric Piatkowski
2%
Forest Able
2%
Frank Card
2%
Frank Gates
2%
Frank Kendrick
2%
Frank Saul
2%
Frank Selvy
2%
Fred Hoiberg
2%
Gene Shue
2%
Geno Carlisle
2%
George Irvine
2%
George McCloud
2%
Glynn Downey
2%
God Shammgod
2%
Gordan Giriček
2%
Greg Ballard
2%
Guerschon Yabusele
2%
Guy Sparrow
2%
Henry Logan
2%
Herm Weiss
2%
Hollis Copeland
2%
Howard Nathan
2%
Ira Bowman
2%
Ira Newble
2%
Isaiah Canaan
2%
Jackie Moreland
2%
Jake Layman
2%
Jake Weber
2%
Jamel Artis
2%
Jamie Waller
2%
Jarell Eddie
2%
Jason Caffey
2%
Jeff Ruland
2%
Jelani McCoy
2%
Jerald Honeycutt
2%
Jerome Lane
2%
Jerry Rook
2%
Jesse Dark
2%
Jim Browne
2%
Jim Farmer
2%
Jim McMillian
2%
Jim Nolan
2%
Joe Cooke
2%
Joe Lord
2%
Joel Przybilla
2%
Joe Wolf
2%
Joffrey Lauvergne
2%
John Amaechi
2%
John Dickson
2%
John Dillon
2%
John Garris
2%
John Morton
2%
Johnny Logan
2%
Johnny McCarthy
2%
Jon Koncak
2%
Jon McGlocklin
2%
Jordan McRae
2%
Jorge Gutierrez
2%
Josh Boone
2%
Junior Bridgeman
2%
Keith Booth
2%
Keith Erickson
2%
Keith Starr
2%
Kelenna Azubuike
2%
Kelvin Cato
2%
Ken Gardner
2%
Ken McBride
2%
Kenny Natt
2%
Ken Sears
2%
Kevin Séraphin
2%
Khem Birch
2%
Kiwane Garris
2%
Kyle Weaver
2%
Lanard Copeland
2%
Larry Kenon
2%
Larry Steele
2%
Lee Robbins
2%
Lonnie Shelton
2%
Lonny Baxter
2%
Lucas Nogueira
2%
Luke Babbitt
2%
Malcolm Delaney
2%
Marcelo Huertas
2%
Marcus Fizer
2%
Marcus Paige
2%
Marko Jaric
2%
Mark Randall
2%
Marques Bragg
2%
Matt Bullard
2%
Matt Geiger
2%
Matt Maloney
2%
Max Zaslofsky
2%
Mel Counts
2%
Mel Hutchins
2%
Mel McCants
2%
Mel Nowell
2%
Michael Doleac
2%
Michael Ruffin
2%
Mike Farmer
2%
Mike Glenn
2%
Mike Gminski
2%
Mike Newlin
2%
Mike Phelps
2%
Mike Wilks
2%
Mirza Teletović
2%
Moe Becker
2%
Nate Bowman
2%
Nenad Krstic
2%
Noel Felix
2%
Odie Spears
2%
Odis Allison
2%
Oscar Olson
2%
Pat Garrity
2%
Patrick Eddie
2%
Paul Birch
2%
Pero Antić
2%
Phil Bond
2%
Phil Chenier
2%
Pop Gates
2%
Primož Brezec
2%
Rafael Addison
2%
Ralph Beard
2%
Randy Holcomb
2%
Rashad McCants
2%
Ray Felix
2%
Red Robbins
2%
Reggie Hanson
2%
Richard Coffey
2%
Richard Morton
2%
Richie Frahm
2%
Rick Carlisle
2%
Robert Sacre
2%
Robert Traylor
2%
Rob Lock
2%
Rodney McCray
2%
Rodney McGruder
2%
Rodrigue Beaubois
2%
Ronald Dupree
2%
Ron Boone
2%
Ron Mercer
2%
Ronnie Lester
2%
Rory Sparrow
2%
Roy Hinson
2%
Roy Tarpley
2%
Salah Mejri
2%
Sam Cash
2%
Sam Dekker
2%
Sam Jacobson
2%
Sam Stith
2%
Scooter McCray
2%
Scott Burrell
2%
Scott Padgett
2%
Scotty Hopson
2%
Sean Kilpatrick
2%
Sebastian Telfair
2%
Sedale Threatt
2%
Semih Erden
2%
Sim Bhullar
2%
Skal Labissière
2%
Stephen Zimmerman
2%
Stub Jacobson
2%
Swede Roos
2%
Tariq Abdul-Wahad
2%
Terry Crosby
2%
Terry Dischinger
2%
Tharon Mayes
2%
Thomas Gardner
2%
Tim Hardaway, Jr.
2%
Timothé Luwawu-Cabarrot
2%
Tom Becker
2%
Tom Meschery
2%
Tom Stith
2%
Tony Carp
2%
Tony Farmer
2%
Tony Wroten
2%
Torgeir Bryn
2%
Torraye Braggs
2%
Trevor Ruffin
2%
Trey Thompkins
2%
Tyler Honeycutt
2%
Vern Gardner
2%
Vincent Askew
2%
Vitaly Potapenko
2%
Voise Winters
2%
Walt Byrd
2%
Walter Bond
2%
Walter Tavares
2%
Walt Piatkowski
2%
Ward Meyers
2%
Warren Ajax
2%
Willie Naulls
2%
Wink Bowman
2%
Žan Tabak
2%
Abel Rodrigues
1%
A.J. Hammons
1%
Alan Ogg
1%
Alan Sawyer
1%
Alexander Volkov
1%
Alex Blackwell
1%
Alex Hannum
1%
Alfonzo McKinnie
1%
Al Salvadori
1%
Al Skinner
1%
Andrew Gaze
1%
Ansu Sesay
1%
Antoine Rigaudeau
1%
Antonio Blakeney
1%
Armand Cure
1%
Arnett Moultrie
1%
Art Grove
1%
Art Spoelstra
1%
Arvid Kramer
1%
Ashraf Amaya
1%
Austin Daye
1%
A.W. Holt
1%
Babe Pressley
1%
Barney Cable
1%
Barry Clemens
1%
Barry Kramer
1%
Barry Yates
1%
Ben Poquette
1%
Ben Uzoh
1%
Bill Curley
1%
Bill Gaines
1%
Bill Garner
1%
Bill Herman
1%
Bill Hewitt
1%
Bill Mayfield
1%
Billy Keller
1%
Billy McKinney
1%
Bison Dele
1%
Blair Rasmussen
1%
Blake Ahearn
1%
Bob Burrow
1%
Bobby Hurley
1%
Bobby Wanzer
1%
Bob Carpenter
1%
Bob Cotton
1%
Bob Dro
1%
Bob Fitzgerald
1%
Bob Gross
1%
Bob Hooper
1%
Bob Hubbard
1%
Bob Kramer
1%
Bob McIntyre
1%
Bob Netolicky
1%
Bob Portman
1%
Bob Rule
1%
Bob Schwartz
1%
Bob Shea
1%
Bob Wilkerson
1%
Bo Kimble
1%
Bones McKinney
1%
Boniface N'Dong
1%
Brad Lohaus
1%
Brad Sellers
1%
Brett Vroman
1%
Brian Cardinal
1%
Brian Quinnett
1%
Brian Skinner
1%
Britton Johnsen
1%
Bruce Seals
1%
Bruno Caboclo
1%
Bruno Šundov
1%
Bryce Cotton
1%
Buddy Ackerman
1%
Bud Olsen
1%
Butch Graves
1%
Cal Christensen
1%
Caleb Swanigan
1%
Calvin Fowler
1%
Cameron Bairstow
1%
Carl Herrera
1%
Carl Loyd
1%
Carlton McKinney
1%
Casey Jacobsen
1%
Casper Ware
1%
Chad Gallagher
1%
Charles Acton
1%
Charlie Lowery
1%
Chris Garner
1%
Chris Jefferies
1%
Chris McCullough
1%
Chris Singleton
1%
Chris Whitney
1%
Chuck Connors
1%
Chuck Nevitt
1%
Chuck Osborne
1%
Clarence Glover
1%
Clarence Kea
1%
Cleanthony Early
1%
Clem Haskins
1%
Clifford Lett
1%
Clinton Wheeler
1%
Connie Dierking
1%
Connie O'Connor
1%
Corey Gaines
1%
Cory Blackwell
1%
Courtney Fortson
1%
Curtis Rowe
1%
Curt McMahon
1%
Dale Morey
1%
Dalibor Bagarić
1%
Damien Inglis
1%
Dan Dickau
1%
Dan Gadzuric
1%
Daniel Santiago
1%
Danny Doyle
1%
Danny Fortson
1%
Danny Vranes
1%
Dan Sparks
1%
Darel Carrier
1%
Darnell Hillman
1%
Darrall Imhoff
1%
Darrell Allums
1%
Darren Daye
1%
Darrun Hilliard
1%
Dave Batton
1%
Dave Budd
1%
Dave Corzine
1%
David Gaines
1%
David Thirdkill
1%
David Wear
1%
Delaney Rudd
1%
Dennis Horner
1%
Dermie O'Connell
1%
Derrick Jones Jr.
1%
Devin Durrant
1%
Dick Fitzgerald
1%
Dino Rađa
1%
Dion Glover
1%
D.J. Strawberry
1%
Dominic Pressley
1%
Don Chaney
1%
Don Kojis
1%
Don Meineke
1%
Donnie Butcher
1%
Dorie Murrey
1%
Duane Causwell
1%
Dwight Buycks
1%
Eddie Mast
1%
Ed Melvin
1%
Ed Sadowski
1%
Eric Money
1%
Ernie Andres
1%
Ernie DiGregorio
1%
Erwin Mueller
1%
Esteban Batista
1%
Eugene Jeter
1%
Forrest McKenzie
1%
Frank Brickowski
1%
Frido Frey
1%
Furkan Aldemir
1%
Gale Bishop
1%
Gary Alcorn
1%
Gary Keller
1%
Gary Payton II
1%
Gene Lorenzo
1%
Gene Wiley
1%
George Crowe
1%
George Dempsey
1%
George Hogan
1%
George Swanson
1%
George Zidek
1%
Gerald Glass
1%
Gil McGregor
1%
Glen Combs
1%
Grady O'Malley
1%
Greg Dreiling
1%
Greg Fillmore
1%
Greg Kite
1%
Greg Stiemsma
1%
Greg Sutton
1%
Greg Wittman
1%
Gus Gerard
1%
Gustavo Ayón
1%
Guy Rucker
1%
Hale Swanson
1%
Hal Jeter
1%
Hal Lear
1%
Hamady N'Diaye
1%
Hank Finkel
1%
Hank Whitney
1%
Harold Bower
1%
Harold Dahl
1%
Harold Hull
1%
Harold Pressley
1%
Harvey Catchings
1%
Hawkeye Whitney
1%
Haywoode Workman
1%
Henry Akin
1%
Henry Ellenson
1%
Herbie Hutchison
1%
Howie Hoffman
1%
Howie McCarty
1%
Howie Montgomery
1%
Howie Schultz
1%
Ike Anigbogu
1%
Ike Diogu
1%
Ira Terrell
1%
Isaac Fontaine
1%
Ivan Rabb
1%
Jack Ahearn
1%
Jack Cotton
1%
Jack Foley
1%
Jack Haley
1%
Jack Keller
1%
Jack McMahon
1%
Jack Parkinson
1%
Jack Rocker
1%
Jackson Vroman
1%
Jack Stanton
1%
Jacob Wiley
1%
Jake Tsakalidis
1%
Jakob Pöltl
1%
James Augustine
1%
James Blackwell
1%
James Cotton
1%
James Singleton
1%
Jan Veselý
1%
Jarrett Durham
1%
Jason Collier
1%
Jason Sasser
1%
Jawann Oldham
1%
Jay Arnette
1%
Jeff Adrien
1%
Jeff Ayres
1%
Jeff Cross
1%
Jeff McInnis
1%
Jeff Withey
1%
Jerome Harmon
1%
Jerry Dover
1%
Jerry Fowler
1%
Jerry Paulson
1%
Jerry Sichting
1%
Jeryl Sasser
1%
Jim Bostic
1%
Jim Chones
1%
Jim Cleamons
1%
Jim Glass
1%
Jim Homer
1%
Jim Jarvis
1%
Jim Lampley
1%
Jim Loscutoff
1%
Jim McIlvaine
1%
Jim Montgomery
1%
Jim Mooney
1%
Jimmy Joyce
1%
Jim Olsen
1%
Jim Petersen
1%
Jim Rae
1%
Jim Springer
1%
Jim Ware
1%
Joe Courtney
1%
Joe Graboski
1%
Joe Kleine
1%
Joel Freeland
1%
Joel Kramer
1%
Joe Meriweather
1%
Joe Pace
1%
Joe Smyth
1%
John Abramovic
1%
John Arthurs
1%
John Barber
1%
John Brisker
1%
John Chaney
1%
John Coker
1%
John Gianelli
1%
John Isaacs
1%
John Lambert
1%
John Mathis
1%
John McCullough
1%
Johnny Bach
1%
Johnny McAdams
1%
Johnny Sebastian
1%
Johnny Townsend
1%
John Oldham
1%
John Rudd
1%
John Stroud
1%
John Wooden
1%
Jon Brockman
1%
Jon Leuer
1%
Jon Sundvold
1%
Josh Akognon
1%
Josh Magette
1%
Kaniel Dickens
1%
Kay Felder
1%
Keith Langford
1%
Kelly McCarty
1%
Kelvin Upshaw
1%
Ken Exel
1%
Ken Keller
1%
Ken Mayfield
1%
Ken Menke
1%
Kennard Winchester
1%
Kevin Burleson
1%
Kevin Grevey
1%
Kevin Joyce
1%
Kevin Kunnert
1%
Kevin Loughery
1%
Kevin Ollie
1%
Kevin Salvadori
1%
Kosta Perović
1%
Kostas Papanikolaou
1%
Kurt Nimphius
1%
Kyle Macy
1%
Kyrylo Fesenko
1%
Lamont Strothers
1%
Lance Allred
1%
Larry Cannon
1%
Larry Costello
1%
Larry Finch
1%
Larry Friend
1%
Larry Siegfried
1%
Len Elmore
1%
Leo Crowe
1%
Leroy Combs
1%
Levern Tart
1%
Levi Fontaine
1%
Lonnie Lynn
1%
Louis Orr
1%
Lou Roe
1%
Loy Petersen
1%
Loy Vaught
1%
Luigi Datome
1%
Luke Witte
1%
Maciej Lampe
1%
Makhtar N'Diaye
1%
Malcolm Mackey
1%
Malik Sealy
1%
Mamadou N'Diaye
1%
Marc Iavaroni
1%
Mark Acres
1%
Mark Alarie
1%
Mark Hendrickson
1%
Mark Olberding
1%
Mark Workman
1%
Martynas Andriuškevičius
1%
Matt Aitch
1%
Matt Costello
1%
Maurice Ager
1%
Max Biggs
1%
McKinley Singleton
1%
Melvin Ely
1%
Mengke Bateer
1%
Michael Ansley
1%
Michael Sweetney
1%
Michael Wiley
1%
Mickaël Gelabale
1%
Mike Bantom
1%
Mike Bloom
1%
Mike Lynn
1%
Mike O'Neill
1%
Mike Pratt
1%
Mike Tobey
1%
Mile Ilić
1%
Milos Babic
1%
Milton Doyle
1%
Mindaugas Kuzminskas
1%
Miroslav Raduljica
1%
Mitch Kupchak
1%
Mitch McGary
1%
Monte Towe
1%
Morlon Wiley
1%
Morris Almond
1%
Nate Blackwell
1%
Nate Wolters
1%
Nathaniel Clifton
1%
Nat Hickey
1%
Nemanja Nedović
1%
Nick Calathes
1%
Norm Swanson
1%
Obinna Ekezie
1%
Ocie Richie
1%
Ognjen Kuzmić
1%
Oleksiy Pecherov
1%
Pace Mannion
1%
Pat Durham
1%
Paul Herman
1%
Paul Hoffman
1%
Paul Mokeski
1%
Paul Seymour
1%
Paul Zipser
1%
Pete Cross
1%
Pete Mount
1%
Peter Aluma
1%
Phil Hubbard
1%
Phil Jordon
1%
Phil Sellers
1%
Pim Goff
1%
Plummer Lott
1%
Priest Lauderdale
1%
Quintin Dailey
1%
Rafael Araujo
1%
Ralph Bishop
1%
Randolph Keys
1%
Randy Denton
1%
Randy Wittman
1%
Ratko Varda
1%
Raymond Townsend
1%
Red Stroud
1%
Reece Gaines
1%
Reggie Harding
1%
Reggie Slater
1%
Renaldo Major
1%
Richard Atha
1%
Rick Adelman
1%
Rick Darnell
1%
Rick Mount
1%
Rick Robey
1%
Ricky Grace
1%
Ricky Sobers
1%
Ron Franz
1%
Ron Livingstone
1%
Ron Rowan
1%
Roy Hurley
1%
Ruben Nembhard
1%
Rudy Hackett
1%
Rudy Macklin
1%
Russell Cross
1%
Ryan Arcidiacono
1%
Ryan Humphrey
1%
Šarūnas Jasikevičius
1%
Šarūnas Marčiulionis
1%
Sasha Danilovic
1%
Scott Haskin
1%
Scott Hastings
1%
Sean Colson
1%
Sean Lampley
1%
Sean Rooks
1%
Sean Singletary
1%
Semi Ojeleye
1%
Shane Heal
1%
Shea Seals
1%
Sid Levine
1%
Sindarius Thornwell
1%
Skippy Whitaker
1%
Slava Medvedenko
1%
Slavko Vraneš
1%
Solomon Alabi
1%
Sonny Dove
1%
Sonny Weems
1%
Soup Cable
1%
Stan McKenzie
1%
Steve Alford
1%
Steve Hamer
1%
Steve Kramer
1%
Stojko Vranković
1%
Sundiata Gaines
1%
Sun Yue
1%
Swede Halbrook
1%
Talvin Skinner
1%
Tamar Slay
1%
Terry Dozier
1%
Terry Teagle
1%
Tex Mueller
1%
Tibor Pleiß
1%
Tim McCormick
1%
Tim Quarterman
1%
Todd MacCulloch
1%
Todd Mundt
1%
Tom Abernethy
1%
Tom Boerwinkle
1%
Tom Bowens
1%
Tom Hammonds
1%
Tom Hoover
1%
Tommy Burleson
1%
Tom Sealy
1%
Tom Workman
1%
Tony Keller
1%
Travis Leslie
1%
Travis Wear
1%
Trenton Hassell
1%
Tyrone Britt
1%
Tyrone Nesby
1%
Tyson Wheeler
1%
Tyus Edney
1%
Vassilis Spanoulis
1%
Vernon Hatton
1%
Vernon Macklin
1%
Vic Bartolome
1%
Víctor Claver
1%
Viktor Khryapa
1%
Vince Boryla
1%
Vladimir Stepania
1%
Von Wafer
1%
Walter Dukes
1%
Walter McCarty
1%
Walt Hazzard
1%
Wayman Britt
1%
Wayne See
1%
Wayne Yates
1%
Wes Iwundu
1%
Wilbur Kirkland
1%
Wilbur Schu
1%
Will Cherry
1%
William Bedford
1%
Willie Norwood
1%
Will Solomon
1%
Woody Sauldsberry
1%
Yinka Dare
1%
Zane Wast
1%
Žarko Paspalj
1%
Zeke Zawoluk
1%
Željko Rebrača
1%
Aaron Swinson
0%
Abdul Jeelani
0%
Abe Yourist
0%
Ace Gruenig
0%
Adam Filipczak
0%
A.J. Bramlett
0%
A.J. Guyton
0%
A.J. Wynder
0%
Al Bianchi
0%
Al Bonniwell
0%
Al Brightman
0%
Al Cervi
0%
Al Cueto
0%
Al Eberhard
0%
Aleksandar Đorđević
0%
Aleksandar Radojević
0%
Alex Groza
0%
Alex Poythress
0%
Alex Scales
0%
Alex Stepheson
0%
Alex Stivrins
0%
Al Ferrari
0%
Al Grennert
0%
Al Guokas
0%
Allan Bristow
0%
Al Lujack
0%
Al Masino
0%
Al Miksis
0%
Al Moschetti
0%
Al Negratti
0%
Al Roges
0%
Al Schrecker
0%
Alvin Heggs
0%
Amal McCaskill
0%
Andreas Glyniadakis
0%
Andre Emmett
0%
Andre McCarter
0%
Andres Guibert
0%
Andre Wakefield
0%
Andrew DeClercq
0%
Andrew Goudelock
0%
Andrew Levane
0%
Andy Kostecka
0%
Andy O'Donnell
0%
Andy Panko
0%
Andy Rautins
0%
Andy Tonkovich
0%
Andy Toolson
0%
Angelo Musi
0%
Ansley Truitt
0%
Anthony Avent
0%
Anthony Goldwire
0%
Anthony Grundy
0%
Anthony Pullard
0%
Antonis Fotsis
0%
Archie Dees
0%
Ariel Maughan
0%
Arinze Onuaku
0%
Arnie Ferrin
0%
Art Bakeraitis
0%
Art Burris
0%
Art Heyman
0%
Art Hillhouse
0%
Art Hyatt
0%
Art Spector
0%
Art Stoefen
0%
Art Stolkey
0%
Arvydas Macijauskas
0%
Aud Brindley
0%
Augie Vander Meulen
0%
Awvee Storey
0%
Axel Toupane
0%
Babe Ziegenhorn
0%
Barry Leibowitz
0%
Barry Orms
0%
Barry Parkhill
0%
Barry Sumpter
0%
Bart Kofoed
0%
Bato Govedarica
0%
Beanie Berens
0%
Belus Smawley
0%
Ben Bentil
0%
Ben Gillery
0%
Ben Goldfaden
0%
Ben Handlogten
0%
Ben Kelso
0%
Bennie Schall
0%
Bennie Swain
0%
Ben Schadler
0%
Ben Scharnus
0%
Ben Warley
0%
Bernard Opper
0%
Bernard Toone
0%
Bernie Fryer
0%
Bernie Mehen
0%
Bernie Voorheis
0%
Big Moose Meyer
0%
Bill Behr
0%
Bill Bolger
0%
Bill Bradley (b. 1941)
0%
Bill Bradley (b. 1943)
0%
Bill Brownell
0%
Bill Buntin
0%
Bill Bunting
0%
Bill Calhoun
0%
Bill Closs
0%
Bill Coven
0%
Bill Cramer
0%
Bill DeVenzio
0%
Bill Durkee
0%
Bill Durkin
0%
Bill Ebben
0%
Bill Farrow
0%
Bill Haarlow
0%
Bill Hanzlik
0%
Bill Hapac
0%
Bill Hosket, Jr.
0%
Bill Hosket, Sr.
0%
Bill Jesko
0%
Bill Jones (b. 1914)
0%
Bill Jones (b. 1966)
0%
Bill Kenville
0%
Bill Komenich
0%
Bill Laughlin
0%
Bill Ligon
0%
Bill McCahan
0%
Bill McGill
0%
Bill Melchionni
0%
Bill Mlkvy
0%
Bill Riebe
0%
Bill Robinzine
0%
Bill Sattler
0%
Bill Schrader
0%
Bill Stricker
0%
Bill Sumerix
0%
Bill Thieben
0%
Bill Tosheff
0%
Bill Wendt
0%
Bill Willoughby
0%
Billy DeAngelis
0%
Billy Gabor
0%
Billy Hassett
0%
Billy Ray Bates
0%
Billy Schaeffer
0%
Billy Shepherd
0%
Bill Zopf
0%
Bird Averitt
0%
Blaine Denning
0%
Bob Alwin
0%
Bob Anderegg
0%
Bob Armstrong (b. 1920)
0%
Bob Armstrong (b. 1933)
0%
Bob Arnzen
0%
Bob Bedell
0%
Bob Bigelow
0%
Bob Bolyard
0%
Bob Brannum
0%
Bob Brown (b. 1923)
0%
Bob Brown (NBL)
0%
Bobby Cattage
0%
Bobby Colburn
0%
Bobby Croft
0%
Bobby Joe Edmonds
0%
Bobby Jones (b. 1951)
0%
Bobby Jones (b. 1984)
0%
Bobby Lowther
0%
Bobby Neu
0%
Bobby Rascoe
0%
Bobby Wilson (b. 1944)
0%
Bobby Wilson (b. 1951)
0%
Bob Calihan
0%
Bob Carney
0%
Bob Carrington
0%
Bob Cluggish
0%
Bob DeWeese
0%
Bob Dietz
0%
Bob Dille
0%
Bob Donham
0%
Bob Duffy (b. 1922)
0%
Bob Duffy (b. 1940)
0%
Bob Dykstra
0%
Bob Faught
0%
Bob Feerick
0%
Bob Gantt
0%
Bob Gauchat
0%
Bob Gerber
0%
Bob Greacen
0%
Bob Hanshaw
0%
Bob Hassmiller
0%
Bob Hogsett
0%
Bob Houbregs
0%
Bob Kauffman
0%
Bob Kinney
0%
Bob Kitterman
0%
Bob Lackey
0%
Bob Lavoy
0%
Bob Lochmueller
0%
Bob Lytle
0%
Bob MacLeod
0%
Bob McCann
0%
Bob McNeill
0%
Bob Mulvihill
0%
Bob Naber
0%
Bob Nugent
0%
Bob O'Shaughnessy
0%
Bob Priddy
0%
Bob Regh
0%
Bob Rensberger
0%
Bob Riedy
0%
Bob Royer
0%
Bob Santini
0%
Bob Schafer
0%
Bob Shaddock
0%
Bob Sims (b. 1938)
0%
Bob Sims (NBL)
0%
Bob Skarda
0%
Bob Synnott
0%
Bob Tough
0%
Bob Verga
0%
Bob Warlick
0%
Bob Weigandt
0%
Bob Wiesenhahn
0%
Bob Woollard
0%
Bo Erias
0%
Boody Gilbertson
0%
Boštjan Nachbar
0%
Brad Branson
0%
Brant Weidner
0%
Brendan McCann
0%
Brett Szabo
0%
Brian Brunkhorst
0%
Brian Heaney
0%
Brian Mahoney
0%
Brian Rowsom
0%
Brook Steppe
0%
Bruce Boehler
0%
Bruce Kuczenski
0%
Bruce Spraggins
0%
Bryce Dejean-Jones
0%
Buck Batterman
0%
Buck Lamme
0%
Buck Sydnor
0%
Bucky Bockhorn
0%
Buddy Jeannette
0%
Buddy O'Grady
0%
Bud Koper
0%
Bud Lindberg
0%
Bud Moodler
0%
Bud Ogden
0%
Bud O'Rourke
0%
Bulbs Ehlers
0%
Bumper Tormohlen
0%
Butch Feher
0%
Butch Joyner
0%
Butch van Breda Kolff
0%
Buzz Knoblauch
0%
Byron Dinkins
0%
Byron Evard
0%
Cal Bowdler
0%
Carey Scurry
0%
Carl Austing
0%
Carl Baer
0%
Carlisle Towery
0%
Carl Lillage
0%
Carl McNulty
0%
Carl Meinhold
0%
Carl Roth
0%
Carl Shaeffer
0%
Carroll Hooser
0%
Cecil Hankins
0%
Cedric Bozeman
0%
Cedric Henderson (b. 1965)
0%
Cedric Henderson (b. 1975)
0%
Cedrick Hordges
0%
Cezary Trybanski
0%
Chad Kinch
0%
Charles Hardnett
0%
Charles Jones (b. 1957)
0%
Charles Jones (b. 1962)
0%
Charles Jones (b. 1975)
0%
Charles Shackleford
0%
Charles Smith (b. 1965)
0%
Charles Smith (b. 1967)
0%
Charles Smith (b. 1975)
0%
Charley Shipp
0%
Charlie Criss
0%
Charlie Edge
0%
Charlie Epperson
0%
Charlie Hentz
0%
Charlie Hoefer
0%
Charlie Joachim
0%
Charlie Parsley
0%
Charlie Paulk
0%
Charlie Sitton
0%
Charlie Tyra
0%
Charlie Yelverton
0%
Cheikh Samb
0%
Chelso Tamagno
0%
Chet Aubuchon
0%
Chet McNabb
0%
Chet Strumillo
0%
Chet Tollstam
0%
Chick Halbert
0%
Chick Meehan
0%
Chick Reiser
0%
Chinanu Onuaku
0%
Chink Alterman
0%
Chink Crossin
0%
Chips Sobek
0%
Chris Corchiani
0%
Chris Douglas-Roberts
0%
Chris Engler
0%
Chris Herren
0%
Chris Jent
0%
Chris Johnson (b. 1985)
0%
Chris Johnson (b. 1990)
0%
Chris McNealy
0%
Chris Munk
0%
Chris Smith (b. 1970)
0%
Chris Smith (b. 1987)
0%
Chris Taft
0%
Christian Eyenga
0%
Chris Washburn
0%
Chris Welp
0%
Chris Wright (b. 1988)
0%
Chris Wright (b. 1989)
0%
Chuck Aleksinas
0%
Chuck Bloedorn
0%
Chuck Chuckovits
0%
Chuck Gilmur
0%
Chuck Grigsby
0%
Chuck Hawley
0%
Chuck Mencel
0%
Chuck Mrazovich
0%
Chuck Noble
0%
Chuck Shanklin
0%
C.J. Kupec
0%
Clarence Brookins
0%
Claude Overton
0%
Claude Virden
0%
Clem Ruh
0%
Cliff Meely
0%
Cliff Robinson (b. 1960)
0%
Cliff Robinson (b. 1966)
0%
Clint Wager
0%
Clyde Dickey
0%
Coby Dietrick
0%
Connie Mack Berry
0%
Corky Calhoun
0%
Corky Devlin
0%
Coulby Gunther
0%
Cozell McQueen
0%
Craig Brackins
0%
Craig Dykema
0%
Craig Spitzer
0%
Curtis Borchardt
0%
Curtis Kitchen
0%
Cy Proffitt
0%
Dale Schlueter
0%
Dallas Comegys
0%
Damir Markota
0%
Damjan Rudež
0%
Dan Anderson (b. 1943)
0%
Dan Anderson (b. 1951)
0%
Dana Pagett
0%
Dan Carnevale
0%
Dane Suttle
0%
Dan Godfread
0%
Dan Hester
0%
Daniel Ochefu
0%
Dan Kraus
0%
Dan Langhi
0%
Dan McClintock
0%
Danny Smick
0%
Dan O'Sullivan
0%
Dan Swartz
0%
Dan Tieman
0%
Darington Hobson
0%
Darius Johnson-Odom
0%
Darrell Elston
0%
Darrell Lockhart
0%
Darren Morningstar
0%
Darren Tillis
0%
Darrin Hancock
0%
Dave Bustion
0%
Dave Deutsch
0%
Dave Dupee
0%
Dave Fedor
0%
Dave Feitl
0%
Dave Gambee
0%
Dave Gunther
0%
Dave Hoppen
0%
Dave Jamerson
0%
Dave Latter
0%
Dave Lattin
0%
Dave Magley
0%
Dave Newmark
0%
Dave Piontek
0%
Dave Popson
0%
Dave Quabius
0%
Dave Robisch
0%
Dave Schellhase
0%
Dave Scholz
0%
Dave Sorenson
0%
Dave Stallworth
0%
Dave Strack
0%
Dave Twardzik
0%
Dave Wareham
0%
Dave Wohl
0%
David Britton
0%
David Vanterpool
0%
David Vaughn III
0%
David Vaughn, Jr.
0%
D.C. Wilcutt
0%
Dean Mealy
0%
Dean Meminger
0%
Dean Tolson
0%
Dedric Willoughby
0%
Dee Brown (b. 1968)
0%
Dee Brown (b. 1984)
0%
DeJuan Wheat
0%
Del Beshore
0%
Del Loranger
0%
Demetrius Calip
0%
Dennis Awtrey
0%
Dennis Nutt
0%
Dennis Van Zant
0%
Dennis Wuycik
0%
Denny Holman
0%
Derek Grimm
0%
Derrek Dickey
0%
Derrick Byars
0%
Derrick Caracter
0%
Derrick Chievous
0%
Derrick Rowland
0%
Desmond Penigar
0%
Devin Ebanks
0%
DeWayne Scales
0%
DeWitt Menyard
0%
Dexter Boney
0%
Dexter Cambridge
0%
Dexter Shouse
0%
Dick Bunt
0%
Dick Dickey
0%
Dick Duckett
0%
Dick Farley
0%
Dick Furey
0%
Dick Garmaker
0%
Dick Groat
0%
Dick Grubar
0%
Dick Holub
0%
Dickie Hemric
0%
Dick Knostman
0%
Dick Lange
0%
Dick Mehen
0%
Dick Nemelka
0%
Dick O'Keefe
0%
Dick Ricketts
0%
Dick Rosenthal
0%
Dick Schnittker
0%
Dick Schulz
0%
Dick Shrider
0%
Dick Starzyk
0%
Dick Surhoff
0%
Dick Triptow
0%
Dick Wehr
0%
Dillard Crocker
0%
Dirk Minniefield
0%
Don Anielak
0%
Don Asmonga
0%
Don Barksdale
0%
Don Beery
0%
Don Betourne
0%
Don Bielke
0%
Don Boven
0%
Don Cleary
0%
Don Eliason
0%
Don Elser
0%
Don Grate
0%
Don Hanrahan
0%
Don Henriksen
0%
Don Lofgran
0%
Don MacLean
0%
Donnie Boyce
0%
Donnie Forman
0%
Don Otten
0%
Don Putman
0%
Don Rehfeldt
0%
Don Savage
0%
Don Sidle
0%
Don Smith (b. 1910)
0%
Don Smith (b. 1920)
0%
Don Smith (b. 1951)
0%
Don Sunderlage
0%
Dontonio Wingfield
0%
Don Warnke
0%
Doug Bolstorff
0%
Doug Kistler
0%
Doug Overton
0%
Doug Roth
0%
Doyle Cofer
0%
Doyle Parrack
0%
Dragan Tarlać
0%
Duane Klueh
0%
Duck Dowell
0%
Duje Dukan
0%
Duke Cumberland
0%
Dwaine Dillard
0%
Dwayne McClain
0%
Dwayne "Pearl" Washington
0%
Dwayne Polee
0%
Dwayne Schintzius
0%
Dwayne Whitfield
0%
Dwight Eddleman
0%
Earl Cureton
0%
Earl Dodd
0%
Earnie Killum
0%
Easy Parham
0%
Ed Beach
0%
Ed Bogdanski
0%
Ed Campion
0%
Ed Conlin
0%
Ed Costain
0%
Ed Dahler
0%
Ed Dancker
0%
Eddie Basden
0%
Eddie Biedenbach
0%
Eddie Johnson (b. 1955)
0%
Eddie Johnson (b. 1959)
0%
Eddie Kolar
0%
Eddie Lee Wilkins
0%
Eddie Malanowicz
0%
Eddie Oram
0%
Eddie Parry
0%
Eddie Riska
0%
Eddie Wisbar
0%
Eddie Wollen
0%
Ed Earle
0%
Ed Erban
0%
Edgar Lacy
0%
Ed Gayda
0%
Ed Glancy
0%
Ed Kalafat
0%
Ed Kasid
0%
Ed Kweller
0%
Ed Leede
0%
Ed Lewinski
0%
Ed Moeller
0%
Edmund Sherod
0%
Ed Pinckney
0%
Ed Rains
0%
Ed Ratleff
0%
Ed Sachs
0%
Ed Scheiwe
0%
Ed Searcy
0%
Ed Stanczak
0%
Ed Stege
0%
Edward Bartels
0%
Edward Spotovich
0%
Edwin Ubiles
0%
Efthimios Rentzias
0%
Eldridge Recasner
0%
Elmer Behnke
0%
Elmore Morgenthaler
0%
Elton McGriff
0%
Elvin Ivory
0%
Emil Benko
0%
Emmet Birk
0%
Ennis Whatley
0%
Eric Fernsten
0%
Eric Leckner
0%
Eric McWilliams
0%
Eric Plahna
0%
Ernie Calverley
0%
Ernie Fortney
0%
Ernie Grunfeld
0%
Ervin Inniger
0%
Erv Prasse
0%
Erv Staggs
0%
Erwin Graf
0%
Etdrick Bohannon
0%
Evan Eschmeyer
0%
Everett Swank
0%
Fennis Dembo
0%
Floyd Ebaugh
0%
Floyd Theard
0%
Floyd Volker
0%
Francis Mahoney
0%
Fran Curran
0%
Frank Baird
0%
Frank Baumholtz
0%
Frank Carswell
0%
Frank Fucarino
0%
Frankie Gilhooley
0%
Frank Kudelka
0%
Frank Linskey
0%
Frank Mangiapane
0%
Frank Mason III
0%
Frank Maury
0%
Frank Mekules
0%
Frank Oleynick
0%
Frank Otway
0%
Frank Radovich
0%
Frank Reddout
0%
Frank Sachse
0%
Frank Schade
0%
Frank Shamel
0%
Frank Vukosic
0%
Fran O'Hanlon
0%
Fred Arndt
0%
Fred Beretta
0%
Fred Cofield
0%
Freddie Crum
0%
Fred Diute
0%
Fred Fechtman
0%
Fred Gantt
0%
Fred Grafft
0%
Fred Hetzel
0%
Fred LaCour
0%
Fred Nimz
0%
Fred Paine
0%
Fred Rehm
0%
Fred Schaus
0%
Fred Scolari
0%
Fred Sheffield
0%
Fred Vinson
0%
Fritz Nagy
0%
Gabe Pruitt
0%
Gal Mekel
0%
Gani Lawal
0%
Garland O'Shields
0%
Garret Siler
0%
Garry Witts
0%
Gary Bergen
0%
Gary Bradds
0%
Gary Brokaw
0%
Gary Melchionni
0%
Gary Plummer
0%
Gary Suiter
0%
Gary Voce
0%
Gaylon Nickerson
0%
Geert Hammink
0%
Gene Berce
0%
Gene Dyker
0%
Gene Englund
0%
Gene Gillette
0%
Gene Guarilia
0%
Gene Lalley
0%
Gene Littles
0%
Gene Mechling
0%
Gene Ollrich
0%
Gene Rosenthal
0%
Gene Scholz
0%
Gene Stump
0%
Gene Vance
0%
Geoff Crompton
0%
Geoff Huston
0%
George Blacklidge
0%
George Blaney
0%
George Bon Salle
0%
George Bucci
0%
George Chestnut
0%
George Feigenbaum
0%
George Glamack
0%
George Grimshaw
0%
George Haines
0%
George Hesik
0%
George Jablonsky
0%
George Johnson (b. 1947)
0%
George Johnson (b. 1948)
0%
George Johnson (b. 1956)
0%
George Kaftan
0%
George Lehmann
0%
George McLeod
0%
George Mearns
0%
George Morse
0%
George Munroe
0%
George Nelmark
0%
George Nostrand
0%
George Pastushok
0%
George Pearcy
0%
George Peeples
0%
George Ratkovicz
0%
George Rung
0%
George Senesky
0%
George Sutor
0%
George Svendsen
0%
George Trapp
0%
George Wilson (b. 1914)
0%
George Wilson (b. 1942)
0%
Georgi Glouchkov
0%
Gerald Fitch
0%
Gerald Govan
0%
Gerald Henderson, Jr.
0%
Gerald Madkins
0%
Gerald Paddio
0%
Gerry Calabrese
0%
Gian Clavell
0%
Giff Roux
0%
Gino Sovran
0%
Glen Gondrezick
0%
Glenn Mosley
0%
Glenn Schlechty
0%
Glen Rice, Jr.
0%
Glen Selbo
0%
Glynn Saulters
0%
Gordon Flick
0%
Gordon McComb
0%
Gorham Getchell
0%
Grant Gondrezick
0%
Grant Jerrett
0%
Greg Bunch
0%
Greg Deane
0%
Greg Hyder
0%
Greg Kelser
0%
Greg Smith (b. 1947)
0%
Greg Smith (b. 1991)
0%
Gundars Vētra
0%
Gus Doerner
0%
Hal Cihlar
0%
Hal Devoll
0%
Hal Gensichen
0%
Hal Hutcheson
0%
Hal Korovin
0%
Hal Tidrick
0%
Hal Uplinger
0%
Hank Beenders
0%
Hank Biasatti
0%
Hank DeZonie
0%
Hank Lefkowitz
0%
Hank McDowell
0%
Hank O'Keeffe
0%
Hank Rosenstein
0%
Hanno Möttölä
0%
Harold Crisler
0%
Harold Dembo
0%
Harold Keeling
0%
Harold Kottman
0%
Harry Boykoff
0%
Harry Dinnel
0%
Harry Laurie
0%
Harry Sorenson
0%
Harthorne Wingo
0%
Harvey Marlatt
0%
Ha Seung-Jin
0%
Henry Pearcy
0%
Herb Krautblatt
0%
Herb Scheffler
0%
Herb Scherer
0%
Herm Fuetsch
0%
Herm Hedderick
0%
Herm Schaefer
0%
Herm Schuessler
0%
Herm Witasek
0%
Herschel Baltimore
0%
Horacio Llamas
0%
Hot Rod Hundley
0%
Howard Stammler
0%
Howard Vocke
0%
Howie Dallmar
0%
Howie Janotta
0%
Howie Jolliff
0%
Howie Komives
0%
Howie Rader
0%
Huck Hartman
0%
Hymie Ginsburg
0%
Ian Lockhart
0%
Ibrahim Kutluay
0%
Igor Rakočević
0%
Ike Borsavage
0%
Ira Harge
0%
Irv Bemoras
0%
Irv Brenner
0%
Irving Terjesen
0%
Irv Kiffin
0%
Irv Noren
0%
Irv Rothenberg
0%
Irv Torgoff
0%
Isaac Stallworth
0%
Isaac Walthour
0%
Ivan McFarlin
0%
Ivano Newbill
0%
Jack Burmaster
0%
Jack Cooley
0%
Jack Dugger
0%
Jack Dwan
0%
Jack Eskridge
0%
Jack Garfinkel
0%
Jack Gillespie
0%
Jack Givens
0%
Jack Hewson
0%
Jackie Dinkins
0%
Jackie Goldsmith
0%
Jackie Ridgle
0%
Jack Kerris
0%
Jack Kiley
0%
Jack Maddox
0%
Jack McCloskey
0%
Jack Molinas
0%
Jack Oberst
0%
Jack Owan
0%
Jack Ozburn
0%
Jack Phelan
0%
Jack Piana
0%
Jack Scarry
0%
Jack Shaffer
0%
Jack Smiley
0%
Jack Stirling
0%
Jack Tingle
0%
Jack Toomay
0%
Jack Turner (b. 1930)
0%
Jack Turner (b. 1939)
0%
Jacob Pullen
0%
Jake Bornheimer
0%
Jake Fendley
0%
Jake Nagode
0%
Jake Pelkington
0%
Jake Voskuhl
0%
James Garvin
0%
James Luisi
0%
James Michael McAdoo
0%
James Nunnally
0%
James Southerland
0%
Jamie Feick
0%
Jan van Breda Kolff
0%
Jared Reiner
0%
Jarrod Uthoff
0%
Jarvis Varnado
0%
Jason Miskiri
0%
Javaris Crittenton
0%
Jay Carty
0%
Jay Guidinger
0%
Jeff Congdon
0%
Jeff Foote
0%
Jeff Grayer
0%
Jeff Halliburton
0%
Jeff Judkins
0%
Jeff Lebo
0%
Jeff Nordgaard
0%
Jeff Slade
0%
Jeff Trepagnier
0%
Jerel McNeal
0%
Jerome Dyson
0%
Jérôme Moïso
0%
Jerrelle Benimon
0%
Jerrod Mustaf
0%
Jerry Baskerville
0%
Jerry Eaves
0%
Jerry Fleishman
0%
Jerry Greenspan
0%
Jerry Harkness
0%
Jerry McKee
0%
Jerry Nagel
0%
Jerry Pender
0%
Jerry Pettway
0%
Jerry Rizzo
0%
Jerry Rullo
0%
Jerry Steiner
0%
Jesse Arnelle
0%
Jesse Branson
0%
Jim Baechtold
0%
Jim Birr
0%
Jim Brasco
0%
Jim Brogan
0%
Jim Cominsky
0%
Jim Creighton
0%
Jim Currie
0%
Jim Eakins
0%
Jim Fritsche
0%
Jim Grandholm
0%
Jim Hadnot
0%
Jim Hilgemann
0%
Jim Holstein
0%
Jim Johnstone
0%
Jim Kissane
0%
Jim Krebs
0%
Jim Ligon
0%
Jim McElroy
0%
Jimmy Carruth
0%
Jimmy Dan Conner
0%
Jimmy Darden
0%
Jimmy Darrow
0%
Jimmy Rayl
0%
Jim O'Brien (b. 1950)
0%
Jim O'Brien (b. 1951)
0%
Jim O'Donnell
0%
Jim Paxson, Sr.
0%
Jim Phelan
0%
Jim Quinlan
0%
Jim Riffey
0%
Jim Rowinski
0%
Jim Seminoff
0%
Jim Slaughter
0%
Jim Spanarkel
0%
Jim Spruill
0%
Jim Usry
0%
Jim Zeravich
0%
Jim Zoet
0%
Jiří Welsch
0%
João Vianna
0%
Joe Arlauckas
0%
Joe Binion
0%
Joe Buckhalter
0%
Joe Camic
0%
Joe Colone
0%
Joe Crispin
0%
Joe DePre
0%
Joe Dolhon
0%
Joe Fabel
0%
Joe Hamood
0%
Joe Hassett
0%
Joe Holup
0%
Joe Hutton
0%
Joe Kinney
0%
Joe Kopicki
0%
Joe Kruse
0%
Joel Bolomboy
0%
Joel Hitt
0%
Joe McNamee
0%
Joe Mullaney
0%
Joe Patanelli
0%
Joe Proksa
0%
Joe Ruklick
0%
Joe Sotak
0%
Joe Spudich
0%
Joe Stampf
0%
Joe Strawder
0%
Joe Urso
0%
Johnathan Motley
0%
John Barnhill
0%
John Block
0%
John Bosak
0%
John Celestand
0%
John Clawson
0%
John Comeaux
0%
John Coughran
0%
John Crotty
0%
John Drish
0%
John Fairchild
0%
John Greig
0%
John Hargis
0%
John Hazen
0%
John Horan
0%
John "Hot Rod" Williams
0%
John Hummer
0%
John Janisch
0%
John Kotz
0%
John Kuester
0%
John Laskowski
0%
John Lucas III
0%
John Mahnken
0%
John Mandic
0%
John McConathy
0%
John Mengelt
0%
John Moir
0%
John Moiseichik
0%
John Novotny
0%
Johnny Baum
0%
Johnny Bianco
0%
Johnny Egan
0%
Johnny Ezersky
0%
Johnny Hoekstra
0%
Johnny Jorgensen
0%
Johnny Lenhart
0%
Johnny Macknowski
0%
Johnny Malokas
0%
Johnny Neumann
0%
Johnny Norlander
0%
Johnny O'Bryant III
0%
Johnny Orr (b. 1918)
0%
Johnny Orr (b. 1927)
0%
Johnny Pawk
0%
Johnny Posewitz
0%
Johnny Schick
0%
Johnny Sines
0%
John O'Boyle
0%
John Payak
0%
John Pilch
0%
John Pinone
0%
John Poncar
0%
John Postley
0%
John Rennicke
0%
John Richter
0%
John Roche
0%
John Rudometkin
0%
John Schweitz
0%
John Shasky
0%
John Shumate
0%
John Stephans
0%
John Stroeder
0%
John Styler
0%
John Trapp
0%
John Tresvant
0%
John Tschogl
0%
John Vallely
0%
John Wetzel
0%
John Wiethe
0%
John Wiggers
0%
John Windsor
0%
Jo Jo English
0%
Jonathan Kerner
0%
José Juan Barea
0%
Joseph Forte
0%
Jose Slaughter
0%
Josh Harrellson
0%
Josh Huestis
0%
Josh Selby
0%
J.R. Bremer
0%
J.R. Giddens
0%
Juan Carlos Navarro
0%
Julie Rivlin
0%
Julius Keye
0%
Julius Nwosu
0%
Junior Burrough
0%
Junior Saffer
0%
Justin Dentmon
0%
Justus Thigpen
0%
Kayo Wnorowski
0%
Keith Appling
0%
Keith Askins
0%
Keith Closs
0%
Keith Edmonson
0%
Keith Herron
0%
Keith McCord
0%
Keith McLeod
0%
Keith Swagerty
0%
Keith Tower
0%
Kelvin Ransey
0%
Ken Bannister
0%
Ken Buehler
0%
Ken Corley
0%
Kendall Rhine
0%
Ken Durrett
0%
Ken Gunning
0%
Ken Johnson (b. 1962)
0%
Ken Johnson (b. 1978)
0%
Kennedy McIntosh
0%
Kenny Dennard
0%
Kenny Gattison
0%
Kenny Higgs
0%
Kenny Satterfield
0%
Kenny Suesens
0%
Ken Rohloff
0%
Ken Sailors
0%
Ken Spain
0%
Kenton Edelin
0%
Ken Wilburn
0%
Kevin Loder
0%
Kevin McKenna
0%
Kevinn Pinkney
0%
Kevin O'Shea
0%
Kevin Restani
0%
Kevin Stacom
0%
Khalid El-Amin
0%
Kiernan Crowley
0%
Kirk Haston
0%
Kirk Penney
0%
Kleggie Hermsen
0%
Kyle Collinsworth
0%
Kyle Wiltjer
0%
Lance Blanks
0%
Lari Ketner
0%
Laron Profit
0%
Larry Bergh
0%
Larry Bunce
0%
Larry Comley
0%
Larry Demic
0%
Larry Drew II
0%
Larry Fogle
0%
Larry Hennessy
0%
Larry Johnson (b. 1954)
0%
Larry Johnson (b. 1969)
0%
Larry Kenney
0%
Larry Krystkowiak
0%
Larry McNeill
0%
Larry Micheaux
0%
Larry Moffett
0%
Larry Spriggs
0%
Larry Staverman
0%
Larry Sykes
0%
Lavor Postell
0%
Lawrence Funderburke
0%
Lawrence Moten
0%
Lazaro Borrell
0%
Leary Lentz
0%
Ledell Eackles
0%
Lee Knorek
0%
Lee Mayberry
0%
Lee Nailon
0%
Lee Shaffer
0%
Lee Winfield
0%
Len Chappell
0%
Len Kosmalski
0%
Lennie Rosenbluth
0%
Len Rader
0%
Leo Barnhorst
0%
Leo Gottlieb
0%
Leo Katkaveck
0%
Leo Klier
0%
Leo Kubiak
0%
Leo Mogus
0%
Leon Benbow
0%
Leon Blevins
0%
Leo Osiewalski
0%
Leo Rautins
0%
Leo Sack
0%
Leroy Chollet
0%
Leroy Lins
0%
Leroy Pryor
0%
Les Deaton
0%
Les Jepsen
0%
Les Kublic
0%
Les Pugh
0%
Les Rothman
0%
Les Selvage
0%
Lew Hitch
0%
Linton Townes
0%
Lionel Billingy
0%
Lionel Malamed
0%
Little Moose Meyer
0%
Lloyd Batts
0%
Logan Vander Velden
0%
London Perrantes
0%
Lonnie Eggleston
0%
Lonnie Kluttz
0%
Lorenzo Romar
0%
Lorvin Proctor
0%
Lou Barle
0%
Lou Boudreau
0%
Louie Sauer
0%
Louis Klotz
0%
Lou Jagnow
0%
Lou Possner
0%
Lou Rutter
0%
Lou Spicer
0%
Lou Tsioropoulos
0%
Luis David Montero
0%
Luke Harangody
0%
Luke Schenscher
0%
Luther Burden
0%
Luther Rackley
0%
Lyle Neat
0%
Lynn Shackelford
0%
Maalik Wayns
0%
Maceo Baston
0%
Mack Daughtry
0%
Mac Otten
0%
Mal McMullen
0%
Mangok Mathiang
0%
Manny Leaks
0%
Marcus Georges-Hunt
0%
Marcus Haislip
0%
Marcus Liberty
0%
Marcus Vinicius
0%
Marcus Williams (b. 1985)
0%
Marcus Williams (b. 1986)
0%
Mario Kasun
0%
Mark Bradtke
0%
Mark Davis (b. 1963)
0%
Mark Davis (b. 1973)
0%
Mark Jones (b. 1961)
0%
Mark Jones (b. 1975)
0%
Mark Landsberger
0%
Mark Macon
0%
Mark McNamara
0%
Mark Radford
0%
Mark Sibley
0%
Marlbert Pradd
0%
Marlon Redmond
0%
Martin Muursepp
0%
Martin Nessley
0%
Marty Byrnes
0%
Marty Conlon
0%
Marty Cullen
0%
Marty Passaglia
0%
Marty Reiter
0%
Marv Colen
0%
Marvin Huffman
0%
Marvin Stout
0%
Marv Schatzman
0%
Marv Winkler
0%
Mateen Cleaves
0%
Matt Freije
0%
Matt Guokas
0%
Matt Guokas, Sr.
0%
Matt Mazza
0%
Matt Othick
0%
Matt Steigenga
0%
Matt Vaniel
0%
Matt Wenstrom
0%
Matt Zunic
0%
Maurice McHartley
0%
Maurice Ndour
0%
Mel Hirsch
0%
Mel McGaha
0%
Mel Riebe
0%
Mel Thurston
0%
Melvin Newbern
0%
Melvin Turpin
0%
Michael Gbinije
0%
Michael Holton
0%
Michael Smith (b. 1965)
0%
Michael Smith (b. 1972)
0%
Micheal Ray Richardson
0%
Mickell Gladness
0%
Mickey Dillard
0%
Mickey Rottner
0%
Mike Batiste
0%
Mike Bratz
0%
Mike Brittain
0%
Mike Bytzura
0%
Mike Champion
0%
Mike Dabich
0%
Mike Davis (b. 1946)
0%
Mike Davis (b. 1956)
0%
Mike Dunleavy Jr.
0%
Mike Dunleavy Sr.
0%
Mike Ertel
0%
Mike Grosso
0%
Mike Iuzzolino
0%
Mike James (b. 1975)
0%
Mike James (b. 1990)
0%
Mike Kearns
0%
Mike Macaluso
0%
Mike Maloy
0%
Mike McCarron
0%
Mike McMichael
0%
Mike Niles
0%
Mike O'Koren
0%
Mike Penberthy
0%
Mike Peplowski
0%
Mike Riordan
0%
Mike Silliman
0%
Mike Smrek
0%
Mike Sojourner
0%
Mike Todorovich
0%
Milo Komenich
0%
Milt Palacio
0%
Milt Schoon
0%
Milt Ticco
0%
Mirsad Türkcan
0%
Moe Radovich
0%
Mo Layton
0%
Mo Udall
0%
Mouhamed Sene
0%
Murray Mendenhall, Jr.
0%
Murray Wier
0%
Mustafa Shakur
0%
Myer Skoog
0%
Nate DeLong
0%
Nate Driggers
0%
Nate Hawthorne
0%
Nate Huffman
0%
Nat Frankel
0%
Nathan Jawai
0%
Nat Militzok
0%
Naz Mitrou-Long
0%
Ndudi Ebi
0%
Ned Endress
0%
Neil O'Donnell
0%
Nick Fazekas
0%
Nick Frascella
0%
Nick Grunzweig
0%
Nick Hashu
0%
Nick Lalich
0%
Nick Mantis
0%
Nick Shaback
0%
Nick Vanos
0%
Nick Yost
0%
Nicolás Brussino
0%
Nicolás Laprovíttola
0%
Nikoloz Tskitishvili
0%
Noble Jorgensen
0%
Norm Grekin
0%
Normie Glick
0%
Norm Mager
0%
Norton Barnhill
0%
Oliver Lafayette
0%
Ollie Darden
0%
Ollie Shoaff
0%
Olumide Oyedeji
0%
Orbie Bowling
0%
Ossie Schectman
0%
Otto Kolar
0%
Otto Schnellbacher
0%
Pape Sow
0%
Pat Frink
0%
Pat Hintz
0%
Pat McFarland
0%
Patricio Garino
0%
Patrick Ewing, Jr.
0%
Pat Rooney
0%
Paul Cloyd
0%
Paul Ducharme
0%
Paul Hogue
0%
Paul Huston
0%
Paul Juntunen
0%
Paul Kessy
0%
Paul Maki
0%
Paul McCracken
0%
Paul McPherson
0%
Paul Napolitano
0%
Paul Neumann
0%
Paul Nolen
0%
Paul Nowak
0%
Paul Ruffner
0%
Paul Scranton
0%
Paul Shirley
0%
Paul Sokody
0%
Paul Stovall
0%
Paul Tobin
0%
Paul Walther
0%
Paul Widowitz
0%
Paul Yesawich
0%
Pavel Podkolzin
0%
Perry Jones III
0%
Perry Warbington
0%
Pete Basich
0%
Pete Brennan
0%
Pete Chilcutt
0%
Pete Darcey
0%
Pete Hecomovich
0%
Pete Lalich
0%
Pete Pasco
0%
Pete Pederson
0%
Pete Preboski
0%
Peter John Ramos
0%
Peter Thibeaux
0%
Peter Verhoeven
0%
Petey Rosenberg
0%
Pétur Guðmundsson
0%
Peyton Siva
0%
Phil Farbman
0%
Phil Hankinson
0%
Phil Lumpkin
0%
Phil Zevenbergen
0%
Pick Dehner
0%
Pops Mensah-Bonsu
0%
Porter Meriwether
0%
Predrag Drobnjak
0%
Predrag Savović
0%
Pres Slack
0%
Price Brookfield
0%
Quincy Douby
0%
Radisav Curcic
0%
Ralph Amsden
0%
Ralph Churchfield
0%
Ralph Drollinger
0%
Ralph Kaplowitz
0%
Ralph Ogden
0%
Ralph Polson
0%
Ralph Siewert
0%
Ramón Rivas
0%
Randolph Mahaffey
0%
Randy Stoll
0%
Rastko Cvetković
0%
Ray Bellingham
0%
Ray Blume
0%
Ray Corley
0%
Ray Ellefson
0%
Ray Epps
0%
Ray Hamann
0%
Ray Krzoska
0%
Ray Kuka
0%
Ray Lumpp
0%
Ray McCallum, Jr.
0%
Ray Morstadt
0%
Ray Owes
0%
Ray Radziszewski
0%
Ray Ragelis
0%
Ray Terzynski
0%
Ray Tolbert
0%
Ray Wertis
0%
R.B. Lynam
0%
Red Dehnert
0%
Red Holzman
0%
Red Malackany
0%
Red Mihalik
0%
Red Oberbruner
0%
Red Rocha
0%
Reggie Geary
0%
Reggie Lacefield
0%
Reggie Royals
0%
Reggie Williams (b. 1964)
0%
Reggie Williams (b. 1986)
0%
Reno Strand
0%
Rex Rudicel
0%
Richard Petruška
0%
Richard Rellford
0%
Richard Rinaldi
0%
Rich Eichhorst
0%
Richie Niemiera
0%
Richie Regan
0%
Rich Laurel
0%
Rich Niemann
0%
Rich Peek
0%
Rich Yonakor
0%
Rick Calloway
0%
Rick Weitzman
0%
Ricky Blanton
0%
Ricky Ledo
0%
Riney Lochmann
0%
Robbie Hummel
0%
Robert Churchwell
0%
Robert Hahn
0%
Robert Hite
0%
Robert McElliott
0%
Robert Werdann
0%
Robert Whaley
0%
Rob Kurz
0%
Rod Derline
0%
Rod Knowles
0%
Rodney Buford
0%
Rodney Carney
0%
Roger Brown (b. 1942)
0%
Roger Brown (b. 1950)
0%
Roger Burkman
0%
Roger Jorgensen
0%
Roger Phegley
0%
Roger Schurig
0%
Roko Ukić
0%
Rolando Ferreira
0%
Rollie Seltz
0%
Ronald Kozlicki
0%
Ron Behagen
0%
Ron Bonham
0%
Ron Cavenall
0%
Ron Crevier
0%
Ron Feiereisel
0%
Ron Filipek
0%
Ron Grandison
0%
Ronnie MacGilvray
0%
Ronnie Shavlik
0%
Ron Sanford
0%
Ron Sobieszczyk
0%
Ron Widby
0%
Roshown McLeod
0%
Roy Devyn Marble
0%
Roy Ebron
0%
Roy Marble
0%
Roy McPipe
0%
Roy Pugh
0%
Rube Lautenschlager
0%
Ruben Boumtje-Boumtje
0%
Rubén Garcés
0%
Rubén Wolkowyski
0%
Rube Reiswerg
0%
Rudy Debnar
0%
Russ Critchfield
0%
Russ Ochsenhirt
0%
Russ Schoene
0%
Rusty LaRue
0%
Ryan Lorthridge
0%
Sally Suddith
0%
Sam Lieberman
0%
Sam Loucks
0%
Sam Pellom
0%
Sam Ranzino
0%
Sam Sibert
0%
Sam Smith (b. 1944)
0%
Sam Smith (b. 1955)
0%
Sam Williams (b. 1945)
0%
Sam Williams (b. 1959)
0%
Sam Worthen
0%
Sasha Kaun
0%
Saul Mariaschin
0%
Scoop Posewitz
0%
Scoop Putnam
0%
Scott Haffner
0%
Scott Machado
0%
Scott Meents
0%
Scott Roth
0%
Semaj Christon
0%
Sergei Bazarevich
0%
Sergei Monia
0%
Sergey Karasev
0%
Sew Leeka
0%
Shaler Halimon
0%
Shawn Respert
0%
Shayne Whittington
0%
Shellie McMillon
0%
Sherwin Raiken
0%
Sid Catlett
0%
Sidney Hertzberg
0%
Sid Tanenbaum
0%
Skip Harlicka
0%
Skip Thoren
0%
Slim Lonsdorf
0%
Slim Shoun
0%
Slim Wintermute
0%
Sonny Boswell
0%
Soumaila Samake
0%
Squint Phares
0%
Stacey Arceneaux
0%
Stan Arnzen
0%
Stan Kimbrough
0%
Stanley Brundy
0%
Stanley Stutz
0%
Stan Miasek
0%
Stan Noszka
0%
Stan Pietkiewicz
0%
Stan Raiman
0%
Stan Szukala
0%
Stan Waxman
0%
Stan Zadel
0%
Stefano Rusconi
0%
Stephane Lasme
0%
Steve Bardo
0%
Steve Bracey
0%
Steve Bucknall
0%
Steve Burtt
0%
Steve Chubin
0%
Steve Colter
0%
Steve Courtin
0%
Steve Downing
0%
Steve Fowdy
0%
Steve Kuberski
0%
Steve Lingenfelter
0%
Steve Malovic
0%
Steve Previs
0%
Steve Scheffler
0%
Steve Sharkey
0%
Steve Sitko
0%
Steve Stipanovich
0%
Steve Vacendak
0%
Stu Lantz
0%
Tarence Kinsey
0%
Tarzan Woltzen
0%
Teddy Falda
0%
Ted Fritsch
0%
Ted Luckenbill
0%
Ted Manakas
0%
Ted McClain
0%
Ted Migdal
0%
Ted Rigg
0%
Ted Scalissi
0%
Ted Strain
0%
Terence Stansbury
0%
Terrence Rencher
0%
Terry Catledge
0%
Terry Dehere
0%
Terry Driscoll
0%
Terry Duerod
0%
Terry Furlow
0%
Terry Kunze
0%
Tex Ritter
0%
Thales McReynolds
0%
Tim Bassett
0%
Tim Breaux
0%
Tim Kempton
0%
Tim Lawry
0%
Tim Ohlbrecht
0%
Tito Maddox
0%
Toby Kimball
0%
Todd Lichti
0%
Togo Palazzi
0%
Tom Boswell
0%
Tom Brennan
0%
Tom Callahan
0%
Tom Copa
0%
Tom Garrick
0%
Tom Hovasse
0%
Tom Ingelsby
0%
Tom Kerwin
0%
Tom Kondla
0%
Tom Kozelko
0%
Tom Kropp
0%
Tom LaGarde
0%
Tom McMillen
0%
Tommy Byrnes
0%
Tommy Kearns
0%
Tommy Kron
0%
Tommy Nisbet
0%
Tommy O'Keefe
0%
Tom O'Toole
0%
Tom Piotrowski
0%
Tom Riker
0%
Tom Scheffler
0%
Tom Sewell
0%
Tom Sluby
0%
Tom Thacker
0%
Tom Tolbert
0%
Tom Wukovits
0%
Tony Bobbitt
0%
Tony Jackson (b. 1942)
0%
Tony Jackson (b. 1958)
0%
Tony Jaros
0%
Tony Kappen
0%
Tony Kaseta
0%
Tony Koski
0%
Tony Lavelli
0%
Tony Massenburg
0%
Tony Mitchell (b. 1989)
0%
Tony Mitchell (b. 1992)
0%
Tony Windis
0%
Tony Zeno
0%
Tornike Shengelia
0%
Trajan Langdon
0%
Travis Diener
0%
Tremaine Fowlkes
0%
Trey Gilder
0%
Tyler Cavanaugh
0%
Tyler Lydon
0%
Uroš Slokar
0%
Uwe Blab
0%
Vann Williford
0%
Vaughn Waddell
0%
Vern Huffman
0%
Viacheslav Kravtsov
0%
Vic Krafft
0%
Vic Siegel
0%
Vince McGowan
0%
Vincent Yarbrough
0%
Vincenzo Esposito
0%
Vito Kubilus
0%
Vítor Faverani
0%
Wade Baldwin IV
0%
Wah Wah Jones
0%
Walker Russell, Jr.
0%
Wally Anderzunas
0%
Wally Borrevik
0%
Wally Osterkorn
0%
Wally Rank
0%
Walt Budko
0%
Walt Czarnecki
0%
Walter Grauman
0%
Walter Herrmann
0%
Walt Lautenbach
0%
Walt Stankey
0%
Warner Engdahl
0%
Warren Fenley
0%
Warren Jabali
0%
Warren Schrage
0%
Warren Whitlinger
0%
Wataru Misaka
0%
Wayne Englestad
0%
Wayne Hightower
0%
Wayne Kreklow
0%
Wayne Molis
0%
Wayne Radford
0%
Wayne Sappleton
0%
Wayne Selden Jr.
0%
Wayne Simien
0%
Wee Willie Smith
0%
Wendell Ladner
0%
Wes Bialosuknia
0%
Whitey Dienelt
0%
Whitey Kachan
0%
Whitey Von Nieda
0%
Wibs Kautz
0%
Wilbur Schumacher
0%
Wiley Peck
0%
Willard Swihart
0%
Will Blalock
0%
Will Conroy
0%
William Perigo
0%
Willie McCarter
0%
Willie Murrell
0%
Willie Sojourner
0%
Willie Somerset
0%
Willie Worsley
0%
Wilson Fitts
0%
Winford Boynes
0%
Winston Crite
0%
Win Wilfong
0%
Woody Pitzer
0%
Xavier Munford
0%
Yakhouba Diawara
0%
Yaroslav Korolev
0%
York Larese
0%
Yuta Tabuse
0%
Zabian Dowdell
0%
Žarko Čabarkapa
0%
Zeke Sinicola
0%
Zoran Planinić
0%

Score Distribution

Percentile by Number Answered

Percent of People with Each Score

Your Score History

You have not taken this quiz